{"text_format":"3","workbook":"xls","n_sheets":12,"sheets":["水管及水管件类","阀门及配件类","轴承类","PLC系统类","水质仪表类","生产网络设备类","监控设备类","低压电气设备类","高压电气设备类","特种设备类","油脂类","WpsReserved_CellImgList"],"not_rendered":{"external_links":2,"defined_names":4},"read":"whole","date_system":"1900","formulas":"cached_only"}

{"sheet":"水管及水管件类","index":0,"n_rows":149,"n_cols":9,"rows_kept":149,"hidden":true,"merged":[[0,0,0,8],[1,0,1,5],[1,6,1,8],[3,0,3,1],[3,2,3,8],[8,0,8,1],[8,2,8,8],[13,0,13,1],[13,2,13,8],[18,0,18,1],[18,2,18,8],[23,0,23,1],[23,2,23,8],[28,0,28,1],[28,2,28,8],[33,0,33,1],[33,2,33,8],[38,0,38,1],[38,2,38,8],[43,0,43,1],[43,2,43,8],[48,0,48,1],[48,2,48,8],[53,0,53,1],[53,2,53,8],[58,0,58,1],[58,2,58,8],[63,0,63,1],[63,2,63,8],[68,0,68,1],[68,2,68,8],[73,0,73,1],[73,2,73,8],[78,0,78,1],[78,2,78,8],[83,0,83,1],[83,2,83,8],[88,0,88,1],[88,2,88,8],[93,0,93,1],[93,2,93,8],[98,0,98,1],[98,2,98,8],[103,0,103,1],[103,2,103,8],[108,0,108,1],[108,2,108,8],[113,0,113,1],[113,2,113,8],[118,0,118,1],[118,2,118,8],[123,0,123,1],[123,2,123,8],[128,0,128,1],[128,2,128,8],[133,0,133,1],[133,2,133,8],[138,0,138,1],[138,2,138,8],[143,0,143,1],[143,2,143,8]],"flags":["formulas_cached_only"]}
["东莞市水务集团供水有限公司制水分公司2025年8月水管及水管件类非协议供货物资采购申请清单"]
["编号:设备管理二部呈批(2025)XXX号",{"$nulls":5},"申购日期：2025年7月X日"]
["序号","物品名称","规格/型号","单位","数量","估算单价（元）","估算总金额（元）","备注","联系人及联系方式"]
["设备管理一部（第四水厂）",null,"收货地址：东莞市石碣镇鹤田厦村富田路第四水厂，收货人：黎丽娟 13650105268，熊碧霞 13415856663"]
[1,{"$nulls":5},{"v":0,"d":"¥0.00"}]
[2,{"$nulls":5},{"v":0,"d":"¥0.00"}]
[3,{"$nulls":5},{"v":0,"d":"¥0.00"}]
[null,"小计",{"$nulls":4},{"v":0,"d":"¥0.00"}]
["设备管理一部（高埗水厂）",null,"收货地址：东莞市高埗镇沿江南路48号高埗水厂，收货人：廖树标 13712523481"]
[1,{"$nulls":5},{"v":0,"d":"¥0.00"}]
[2,{"$nulls":5},{"v":0,"d":"¥0.00"}]
[3,{"$nulls":5},{"v":0,"d":"¥0.00"}]
[null,"小计",{"$nulls":4},{"v":0,"d":"¥0.00"}]
["设备管理一部（万江水厂）",null,"收货地址：东莞市万江区万龙路191号万江水厂，收货人：杨伟强 15916738349，何汉能 13650220888"]
[1,{"$nulls":5},{"v":0,"d":"¥0.00"}]
[2,{"$nulls":5},{"v":0,"d":"¥0.00"}]
[3,{"$nulls":5},{"v":0,"d":"¥0.00"}]
[null,"小计",{"$nulls":4},{"v":0,"d":"¥0.00"}]
["设备管理一部（中堂水厂）",null,"收货地址：东莞市中堂镇滨江大道3号中堂水厂，收货人：赖远鑫 13713383382，李继成 13556793939"]
[1,{"$nulls":5},{"v":0,"d":"¥0.00"}]
[2,{"$nulls":5},{"v":0,"d":"¥0.00"}]
[3,{"$nulls":5},{"v":0,"d":"¥0.00"}]
[null,"小计",{"$nulls":4},{"v":0,"d":"¥0.00"}]
["设备管理一部（石碣水厂）",null,"收货地址：东莞市石碣镇同德路石碣水厂，收货人：何国栋 13377788395，袁惠成 13423235223"]
[1,{"$nulls":5},{"v":0,"d":"¥0.00"}]
[2,{"$nulls":5},{"v":0,"d":"¥0.00"}]
[3,{"$nulls":5},{"v":0,"d":"¥0.00"}]
[null,"小计",{"$nulls":4},{"v":0,"d":"¥0.00"}]
["设备管理二部（第三水厂）",null,"收货地址：东莞市东城樟村桂塘路12号，收货人：欧阳丹 13713099246"]
[1,{"$nulls":5},{"v":0,"d":"¥0.00"}]
[2,{"$nulls":5},{"v":0,"d":"¥0.00"}]
[3,{"$nulls":5},{"v":0,"d":"¥0.00"}]
[null,"小计",{"$nulls":4},{"v":0,"d":"¥0.00"}]
["设备管理二部（第六水厂）",null,"收货地址：东莞市东城街道莞龙路东城段21号，收货人：钟巧欢 13790666516，徐立安  13556769268"]
[1,{"$nulls":5},{"v":0,"d":"¥0.00"}]
[2,{"$nulls":5},{"v":0,"d":"¥0.00"}]
[3,{"$nulls":5},{"v":0,"d":"¥0.00"}]
[null,"小计",{"$nulls":4},{"v":0,"d":"¥0.00"}]
["设备管理二部（东城水厂）",null,"收货地址：东莞市东城下桥银岭街9号东城水厂，收货人：谢桂玲  13652639443，祁灼均 13546995678"]
[1,{"$nulls":5},{"v":0,"d":"¥0.00"}]
[2,{"$nulls":5},{"v":0,"d":"¥0.00"}]
[3,{"$nulls":5},{"v":0,"d":"¥0.00"}]
[null,"小计",{"$nulls":4},{"v":0,"d":"¥0.00"}]
["设备管理二部（石龙黄洲水厂）",null,"收货地址：东莞市石龙镇黄洲水源路6号黄洲水厂，收货人：刘月儒 15916936669，叶润珍 13326895152"]
[1,{"$nulls":5},{"v":0,"d":"¥0.00"}]
[2,{"$nulls":5},{"v":0,"d":"¥0.00"}]
[3,{"$nulls":5},{"v":0,"d":"¥0.00"}]
[null,"小计",{"$nulls":4},{"v":0,"d":"¥0.00"}]
["设备管理二部（石龙西湖水厂）",null,"收货地址：东莞市石龙镇西湖东路111号石龙西湖水厂，收货人：杨佩雯 13480449430，吴文烽 13825757818"]
[1,{"$nulls":5},{"v":0,"d":"¥0.00"}]
[2,{"$nulls":5},{"v":0,"d":"¥0.00"}]
[3,{"$nulls":5},{"v":0,"d":"¥0.00"}]
[null,"小计",{"$nulls":4},{"v":0,"d":"¥0.00"}]
["设备管理三部（第五水厂）",null,"收货地址：东莞市企石镇杨屋村新兴路33号第五水厂，收货人：林清文 13532690033，缪小英 13622678068"]
[1,{"$nulls":5},{"v":0,"d":"¥0.00"}]
[2,{"$nulls":5},{"v":0,"d":"¥0.00"}]
[3,{"$nulls":5},{"v":0,"d":"¥0.00"}]
[null,"小计",{"$nulls":4},{"v":0,"d":"¥0.00"}]
["设备管理三部（石排水厂）",null,"收货地址：东莞市石排镇东江大道石排段52号石排水厂，收货人：赖微珊 19928155511，邓闰傍 13532976833"]
[1,{"$nulls":5},{"v":0,"d":"¥0.00"}]
[2,{"$nulls":5},{"v":0,"d":"¥0.00"}]
[3,{"$nulls":5},{"v":0,"d":"¥0.00"}]
[null,"小计",{"$nulls":4},{"v":0,"d":"¥0.00"}]
["设备管理三部（企石水厂）",null,"收货地址：东莞市企石镇黄大仙路56号企石水厂，收货人：朱锐文 15989675266，刘锐谦 15816842146"]
[1,{"$nulls":5},{"v":0,"d":"¥0.00"}]
[2,{"$nulls":5},{"v":0,"d":"¥0.00"}]
[3,{"$nulls":5},{"v":0,"d":"¥0.00"}]
[null,"小计",{"$nulls":4},{"v":0,"d":"¥0.00"}]
["设备管理三部（桥头第二水厂）",null,"收货地址：东莞市桥头镇中兴路403号桥头第二水厂，收货人：莫仲琪 13902698481，钟汉强 13509849329"]
[1,{"$nulls":5},{"v":0,"d":"¥0.00"}]
[2,{"$nulls":5},{"v":0,"d":"¥0.00"}]
[3,{"$nulls":5},{"v":0,"d":"¥0.00"}]
[null,"小计",{"$nulls":4},{"v":0,"d":"¥0.00"}]
["设备管理三部（桥头第三水厂）",null,"收货地址：东莞市桥头镇东江村木棉路桥头第三水厂，收货人：莫浩祥 13532516168，罗国林 18922994622"]
[1,{"$nulls":5},{"v":0,"d":"¥0.00"}]
[2,{"$nulls":5},{"v":0,"d":"¥0.00"}]
[3,{"$nulls":5},{"v":0,"d":"¥0.00"}]
[null,"小计",{"$nulls":4},{"v":0,"d":"¥0.00"}]
["设备管理三部（横沥水厂）",null,"收货地址：东莞市横沥镇横沥东环路260号横沥水厂，收货人：黄汉桃 13711832138"]
[1,{"$nulls":5},{"v":0,"d":"¥0.00"}]
[2,{"$nulls":5},{"v":0,"d":"¥0.00"}]
[3,{"$nulls":5},{"v":0,"d":"¥0.00"}]
[null,"小计",{"$nulls":4},{"v":0,"d":"¥0.00"}]
["设备管理四部（黄江水厂）",null,"收货地址：东莞市黄江镇黄牛埔村强健街2号黄江水厂，收货人：黄健维 13129425636，王建华 13580904047"]
[1,{"$nulls":5},{"v":0,"d":"¥0.00"}]
[2,{"$nulls":5},{"v":0,"d":"¥0.00"}]
[3,{"$nulls":5},{"v":0,"d":"¥0.00"}]
[null,"小计",{"$nulls":4},{"v":0,"d":"¥0.00"}]
["设备管理四部（樟木头簕竹排水厂）",null,"收货地址：东莞市樟木头镇滨河路45号簕竹排水厂，收货人：刘子军 13790218277，黄汉明 18825897855"]
[1,{"$nulls":5},{"v":0,"d":"¥0.00"}]
[2,{"$nulls":5},{"v":0,"d":"¥0.00"}]
[3,{"$nulls":5},{"v":0,"d":"¥0.00"}]
[null,"小计",{"$nulls":4},{"v":0,"d":"¥0.00"}]
["设备管理四部（谢岗第二水厂）",null,"收货地址：东莞市谢岗镇南面石鼓水库路22号谢岗第二水厂，收货人：林嘉兴 13268555430，张李红 13128071061"]
[1,{"$nulls":5},{"v":0,"d":"¥0.00"}]
[2,{"$nulls":5},{"v":0,"d":"¥0.00"}]
[3,{"$nulls":5},{"v":0,"d":"¥0.00"}]
[null,"小计",{"$nulls":4},{"v":0,"d":"¥0.00"}]
["设备管理四部（谢岗第三水厂）",null,"收货地址：东莞市谢岗镇曹乐工业一路15号101室供水公司，收货人：朱树明 13713366089，刘晓彬 13926867866"]
[1,{"$nulls":5},{"v":0,"d":"¥0.00"}]
[2,{"$nulls":5},{"v":0,"d":"¥0.00"}]
[3,{"$nulls":5},{"v":0,"d":"¥0.00"}]
[null,"小计",{"$nulls":4},{"v":0,"d":"¥0.00"}]
["设备管理四部（塘厦牛眠埔水厂）",null,"收货地址：东莞市塘厦镇牛眠埔新围路牛眠埔水厂，收货人：黄颖璋 13713362502，罗亮开 13729993310"]
[1,{"$nulls":5},{"v":0,"d":"¥0.00"}]
[2,{"$nulls":5},{"v":0,"d":"¥0.00"}]
[3,{"$nulls":5},{"v":0,"d":"¥0.00"}]
[null,"小计",{"$nulls":4},{"v":0,"d":"¥0.00"}]
["设备管理五部（塘厦中心水厂）",null,"收货地址：东莞市塘厦镇东深一路8号塘厦中心水厂，收货人：赵凤兰 15817660678，赵美玲 136252547593"]
[1,{"$nulls":5},{"v":0,"d":"¥0.00"}]
[2,{"$nulls":5},{"v":0,"d":"¥0.00"}]
[3,{"$nulls":5},{"v":0,"d":"¥0.00"}]
[null,"小计",{"$nulls":4},{"v":0,"d":"¥0.00"}]
["设备管理五部（塘厦凤凰水厂）",null,"收货地址：东莞市塘厦镇凤凰社区凤清路65号塘厦凤凰水厂，收货人：黄礼文 13686099284"]
[1,{"$nulls":5},{"v":0,"d":"¥0.00"}]
[2,{"$nulls":5},{"v":0,"d":"¥0.00"}]
[3,{"$nulls":5},{"v":0,"d":"¥0.00"}]
[null,"小计",{"$nulls":4},{"v":0,"d":"¥0.00"}]
["设备管理五部（塘厦虾公岩水厂）",null,"收货地址：东莞市塘厦镇大坪社区四黎南路170-1塘厦虾公岩水厂，收货人：陈凤珍 15917721836，罗银妹 13392348369"]
[1,{"$nulls":5},{"v":0,"d":"¥0.00"}]
[2,{"$nulls":5},{"v":0,"d":"¥0.00"}]
[3,{"$nulls":5},{"v":0,"d":"¥0.00"}]
[null,"小计",{"$nulls":4},{"v":0,"d":"¥0.00"}]
["设备管理五部（凤岗第一水厂）",null,"收货地址：东莞市凤岗镇花果山二巷13号，收货人：张思雅 15322863540，张玉金 13798879957"]
[1,{"$nulls":5},{"v":0,"d":"¥0.00"}]
[2,{"$nulls":5},{"v":0,"d":"¥0.00"}]
[3,{"$nulls":5},{"v":0,"d":"¥0.00"}]
[null,"小计",{"$nulls":4},{"v":0,"d":"¥0.00"}]
["设备管理五部（凤岗第二水厂）",null,"收货地址：东莞市凤岗镇沙岭抽水站路8号，收货人：黄凯迪 13544779297，吕换清 13412350778"]
[1,{"$nulls":5},{"v":0,"d":"¥0.00"}]
[2,{"$nulls":5},{"v":0,"d":"¥0.00"}]
[3,{"$nulls":5},{"v":0,"d":"¥0.00"}]
[null,"小计",{"$nulls":4},{"v":0,"d":"¥0.00"}]
["设备管理六部（长湖水厂）",null,"收货地址：东莞市大岭山镇水朗村大岭山大道592号，收货人：汤青如 13728443754，黎锦辉 13652522995"]
[1,{"$nulls":5},{"v":0,"d":"¥0.00"}]
[2,{"$nulls":5},{"v":0,"d":"¥0.00"}]
[3,{"$nulls":5},{"v":0,"d":"¥0.00"}]
[null,"小计",{"$nulls":4},{"v":0,"d":"¥0.00"}]
["设备管理六部（松山湖水厂）",null,"收货地址：东莞市环湖路与南山路交叉口西北320米，收货人：陆嘉仪 13538640388，袁庆全 13922522636"]
[1,{"$nulls":5},{"v":0,"d":"¥0.00"}]
[2,{"$nulls":5},{"v":0,"d":"¥0.00"}]
[3,{"$nulls":5},{"v":0,"d":"¥0.00"}]
[null,"小计",{"$nulls":4},{"v":0,"d":"¥0.00"}]
["设备管理六部（芦花坑水厂）",null,"收货地址：东莞市虎门镇居岐路99号，收货人：周志恒 13728427322"]
[1,{"$nulls":5},{"v":0,"d":"¥0.00"}]
[2,{"$nulls":5},{"v":0,"d":"¥0.00"}]
[3,{"$nulls":5},{"v":0,"d":"¥0.00"}]
[null,"小计",{"$nulls":4},{"v":0,"d":"¥0.00"}]
[null,"合计",{"$nulls":4},{"v":0,"d":"¥0.00"}]

{"sheet":"阀门及配件类","index":1,"n_rows":7,"n_cols":12,"rows_kept":7,"hidden":true,"merged":[[0,0,0,8],[1,0,1,5],[1,6,1,8],[3,0,3,1],[3,2,3,8]],"flags":["formulas_cached_only"]}
["东莞市水务集团供水有限公司制水分公司2025年9月阀门及配件类物资采购申请清单"]
["编号:设备管理二部呈批(2025)XXX号",{"$nulls":5},"申购日期：2025年8月X日"]
["序号","物品名称","规格/型号","单位","数量","估算单价（元）","估算总金额（元）","备注","联系人及联系方式"]
["设备管理三部（第五水厂）",null,"收货地址：东莞市企石镇杨屋村新兴路33号第五水厂，收货人：林清文 13532690033，缪小英 13622678068"]
[1,{"$nulls":10},0]
[null,"小计",{"$nulls":4},{"v":0,"d":"¥0.00"},{"$nulls":4},0]
[null,"合计",{"$nulls":4},{"v":0,"d":"¥0.00"}]

{"sheet":"轴承类","index":2,"n_rows":7,"n_cols":9,"rows_kept":7,"hidden":true,"merged":[[0,0,0,8],[1,0,1,5],[1,6,1,8],[3,0,3,1],[3,2,3,8]],"flags":["formulas_cached_only"]}
["东莞市水务集团供水有限公司制水分公司2025年9月轴承类非协议供货物资采购申请清单"]
["编号:设备管理二部呈批(2025)XXX号",{"$nulls":5},"申购日期：2025年8月X日"]
["序号","物品名称","规格/型号","单位","数量","估算单价（元）","估算总金额（元）","备注","联系人及联系方式"]
["设备管理一部（万江水厂）",null,"收货地址：东莞市万江区万龙路191号万江水厂，收货人：杨伟强 15916738349，何汉能 13650220888"]
[1]
[null,"小计",{"$nulls":3},{"v":80,"d":"¥80.00"},{"v":0,"d":"¥0.00"}]
[null,"合计",{"$nulls":4},{"v":0,"d":"¥0.00"}]

{"sheet":"PLC系统类","index":3,"n_rows":149,"n_cols":9,"rows_kept":149,"hidden":true,"merged":[[0,0,0,8],[1,0,1,5],[1,6,1,8],[3,0,3,1],[3,2,3,8],[8,0,8,1],[8,2,8,8],[13,0,13,1],[13,2,13,8],[18,0,18,1],[18,2,18,8],[23,0,23,1],[23,2,23,8],[28,0,28,1],[28,2,28,8],[33,0,33,1],[33,2,33,8],[38,0,38,1],[38,2,38,8],[43,0,43,1],[43,2,43,8],[48,0,48,1],[48,2,48,8],[53,0,53,1],[53,2,53,8],[58,0,58,1],[58,2,58,8],[63,0,63,1],[63,2,63,8],[68,0,68,1],[68,2,68,8],[73,0,73,1],[73,2,73,8],[78,0,78,1],[78,2,78,8],[83,0,83,1],[83,2,83,8],[88,0,88,1],[88,2,88,8],[93,0,93,1],[93,2,93,8],[98,0,98,1],[98,2,98,8],[103,0,103,1],[103,2,103,8],[108,0,108,1],[108,2,108,8],[113,0,113,1],[113,2,113,8],[118,0,118,1],[118,2,118,8],[123,0,123,1],[123,2,123,8],[128,0,128,1],[128,2,128,8],[133,0,133,1],[133,2,133,8],[138,0,138,1],[138,2,138,8],[143,0,143,1],[143,2,143,8]],"flags":["formulas_cached_only"]}
["东莞市水务集团供水有限公司制水分公司2025年8月PLC系统类物资采购申请清单"]
["编号:设备管理二部呈批(2025)XXX号",{"$nulls":5},"申购日期：2025年7月X日"]
["序号","物品名称","规格/型号","单位","数量","估算单价（元）","估算总金额（元）","备注","联系人及联系方式"]
["设备管理一部（第四水厂）",null,"收货地址：东莞市石碣镇鹤田厦村富田路第四水厂，收货人：黎丽娟 13650105268，熊碧霞 13415856663"]
[1,{"$nulls":5},{"v":0,"d":"¥0.00"}]
[2,{"$nulls":5},{"v":0,"d":"¥0.00"}]
[3,{"$nulls":5},{"v":0,"d":"¥0.00"}]
[null,"小计",{"$nulls":4},{"v":0,"d":"¥0.00"}]
["设备管理一部（高埗水厂）",null,"收货地址：东莞市高埗镇沿江南路48号高埗水厂，收货人：廖树标 13712523481"]
[1,{"$nulls":5},{"v":0,"d":"¥0.00"}]
[2,{"$nulls":5},{"v":0,"d":"¥0.00"}]
[3,{"$nulls":5},{"v":0,"d":"¥0.00"}]
[null,"小计",{"$nulls":4},{"v":0,"d":"¥0.00"}]
["设备管理一部（万江水厂）",null,"收货地址：东莞市万江区万龙路191号万江水厂，收货人：杨伟强 15916738349，何汉能 13650220888"]
[1,{"$nulls":5},{"v":0,"d":"¥0.00"}]
[2,{"$nulls":5},{"v":0,"d":"¥0.00"}]
[3,{"$nulls":5},{"v":0,"d":"¥0.00"}]
[null,"小计",{"$nulls":4},{"v":0,"d":"¥0.00"}]
["设备管理一部（中堂水厂）",null,"收货地址：东莞市中堂镇滨江大道3号中堂水厂，收货人：赖远鑫 13713383382，李继成 13556793939"]
[1,{"$nulls":5},{"v":0,"d":"¥0.00"}]
[2,{"$nulls":5},{"v":0,"d":"¥0.00"}]
[3,{"$nulls":5},{"v":0,"d":"¥0.00"}]
[null,"小计",{"$nulls":4},{"v":0,"d":"¥0.00"}]
["设备管理一部（石碣水厂）",null,"收货地址：东莞市石碣镇同德路石碣水厂，收货人：何国栋 13377788395，袁惠成 13423235223"]
[1,{"$nulls":5},{"v":0,"d":"¥0.00"}]
[2,{"$nulls":5},{"v":0,"d":"¥0.00"}]
[3,{"$nulls":5},{"v":0,"d":"¥0.00"}]
[null,"小计",{"$nulls":4},{"v":0,"d":"¥0.00"}]
["设备管理二部（第三水厂）",null,"收货地址：东莞市东城樟村桂塘路12号，收货人：欧阳丹 13713099246"]
[1,{"$nulls":5},{"v":0,"d":"¥0.00"}]
[2,{"$nulls":5},{"v":0,"d":"¥0.00"}]
[3,{"$nulls":5},{"v":0,"d":"¥0.00"}]
[null,"小计",{"$nulls":4},{"v":0,"d":"¥0.00"}]
["设备管理二部（第六水厂）",null,"收货地址：东莞市东城街道莞龙路东城段21号，收货人：钟巧欢 13790666516，徐立安  13556769268"]
[1,{"$nulls":5},{"v":0,"d":"¥0.00"}]
[2,{"$nulls":5},{"v":0,"d":"¥0.00"}]
[3,{"$nulls":5},{"v":0,"d":"¥0.00"}]
[null,"小计",{"$nulls":4},{"v":0,"d":"¥0.00"}]
["设备管理二部（东城水厂）",null,"收货地址：东莞市东城下桥银岭街9号东城水厂，收货人：谢桂玲  13652639443，祁灼均 13546995678"]
[1,{"$nulls":5},{"v":0,"d":"¥0.00"}]
[2,{"$nulls":5},{"v":0,"d":"¥0.00"}]
[3,{"$nulls":5},{"v":0,"d":"¥0.00"}]
[null,"小计",{"$nulls":4},{"v":0,"d":"¥0.00"}]
["设备管理二部（石龙黄洲水厂）",null,"收货地址：东莞市石龙镇黄洲水源路6号黄洲水厂，收货人：刘月儒 15916936669，叶润珍 13326895152"]
[1,{"$nulls":5},{"v":0,"d":"¥0.00"}]
[2,{"$nulls":5},{"v":0,"d":"¥0.00"}]
[3,{"$nulls":5},{"v":0,"d":"¥0.00"}]
[null,"小计",{"$nulls":4},{"v":0,"d":"¥0.00"}]
["设备管理二部（石龙西湖水厂）",null,"收货地址：东莞市石龙镇西湖东路111号石龙西湖水厂，收货人：杨佩雯 13480449430，吴文烽 13825757818"]
[1,{"$nulls":5},{"v":0,"d":"¥0.00"}]
[2,{"$nulls":5},{"v":0,"d":"¥0.00"}]
[3,{"$nulls":5},{"v":0,"d":"¥0.00"}]
[null,"小计",{"$nulls":4},{"v":0,"d":"¥0.00"}]
["设备管理三部（第五水厂）",null,"收货地址：东莞市企石镇杨屋村新兴路33号第五水厂，收货人：林清文 13532690033，缪小英 13622678068"]
[1,{"$nulls":5},{"v":0,"d":"¥0.00"}]
[2,{"$nulls":5},{"v":0,"d":"¥0.00"}]
[3,{"$nulls":5},{"v":0,"d":"¥0.00"}]
[null,"小计",{"$nulls":4},{"v":0,"d":"¥0.00"}]
["设备管理三部（石排水厂）",null,"收货地址：东莞市石排镇东江大道石排段52号石排水厂，收货人：赖微珊 19928155511，邓闰傍 13532976833"]
[1,{"$nulls":5},{"v":0,"d":"¥0.00"}]
[2,{"$nulls":5},{"v":0,"d":"¥0.00"}]
[3,{"$nulls":5},{"v":0,"d":"¥0.00"}]
[null,"小计",{"$nulls":4},{"v":0,"d":"¥0.00"}]
["设备管理三部（企石水厂）",null,"收货地址：东莞市企石镇黄大仙路56号企石水厂，收货人：朱锐文 15989675266，刘锐谦 15816842146"]
[1,{"$nulls":5},{"v":0,"d":"¥0.00"}]
[2,{"$nulls":5},{"v":0,"d":"¥0.00"}]
[3,{"$nulls":5},{"v":0,"d":"¥0.00"}]
[null,"小计",{"$nulls":4},{"v":0,"d":"¥0.00"}]
["设备管理三部（桥头第二水厂）",null,"收货地址：东莞市桥头镇中兴路403号桥头第二水厂，收货人：莫仲琪 13902698481，钟汉强 13509849329"]
[1,{"$nulls":5},{"v":0,"d":"¥0.00"}]
[2,{"$nulls":5},{"v":0,"d":"¥0.00"}]
[3,{"$nulls":5},{"v":0,"d":"¥0.00"}]
[null,"小计",{"$nulls":4},{"v":0,"d":"¥0.00"}]
["设备管理三部（桥头第三水厂）",null,"收货地址：东莞市桥头镇东江村木棉路桥头第三水厂，收货人：莫浩祥 13532516168，罗国林 18922994622"]
[1,{"$nulls":5},{"v":0,"d":"¥0.00"}]
[2,{"$nulls":5},{"v":0,"d":"¥0.00"}]
[3,{"$nulls":5},{"v":0,"d":"¥0.00"}]
[null,"小计",{"$nulls":4},{"v":0,"d":"¥0.00"}]
["设备管理三部（横沥水厂）",null,"收货地址：东莞市横沥镇横沥东环路260号横沥水厂，收货人：黄汉桃 13711832138"]
[1,{"$nulls":5},{"v":0,"d":"¥0.00"}]
[2,{"$nulls":5},{"v":0,"d":"¥0.00"}]
[3,{"$nulls":5},{"v":0,"d":"¥0.00"}]
[null,"小计",{"$nulls":4},{"v":0,"d":"¥0.00"}]
["设备管理四部（黄江水厂）",null,"收货地址：东莞市黄江镇黄牛埔村强健街2号黄江水厂，收货人：黄健维 13129425636，王建华 13580904047"]
[1,{"$nulls":5},{"v":0,"d":"¥0.00"}]
[2,{"$nulls":5},{"v":0,"d":"¥0.00"}]
[3,{"$nulls":5},{"v":0,"d":"¥0.00"}]
[null,"小计",{"$nulls":4},{"v":0,"d":"¥0.00"}]
["设备管理四部（樟木头簕竹排水厂）",null,"收货地址：东莞市樟木头镇滨河路45号簕竹排水厂，收货人：刘子军 13790218277，黄汉明 18825897855"]
[1,{"$nulls":5},{"v":0,"d":"¥0.00"}]
[2,{"$nulls":5},{"v":0,"d":"¥0.00"}]
[3,{"$nulls":5},{"v":0,"d":"¥0.00"}]
[null,"小计",{"$nulls":4},{"v":0,"d":"¥0.00"}]
["设备管理四部（谢岗第二水厂）",null,"收货地址：东莞市谢岗镇南面石鼓水库路22号谢岗第二水厂，收货人：林嘉兴 13268555430，张李红 13128071061"]
[1,{"$nulls":5},{"v":0,"d":"¥0.00"}]
[2,{"$nulls":5},{"v":0,"d":"¥0.00"}]
[3,{"$nulls":5},{"v":0,"d":"¥0.00"}]
[null,"小计",{"$nulls":4},{"v":0,"d":"¥0.00"}]
["设备管理四部（谢岗第三水厂）",null,"收货地址：东莞市谢岗镇曹乐工业一路15号101室供水公司，收货人：朱树明 13713366089，刘晓彬 13926867866"]
[1,{"$nulls":5},{"v":0,"d":"¥0.00"}]
[2,{"$nulls":5},{"v":0,"d":"¥0.00"}]
[3,{"$nulls":5},{"v":0,"d":"¥0.00"}]
[null,"小计",{"$nulls":4},{"v":0,"d":"¥0.00"}]
["设备管理四部（塘厦牛眠埔水厂）",null,"收货地址：东莞市塘厦镇牛眠埔新围路牛眠埔水厂，收货人：黄颖璋 13713362502，罗亮开 13729993310"]
[1,{"$nulls":5},{"v":0,"d":"¥0.00"}]
[2,{"$nulls":5},{"v":0,"d":"¥0.00"}]
[3,{"$nulls":5},{"v":0,"d":"¥0.00"}]
[null,"小计",{"$nulls":4},{"v":0,"d":"¥0.00"}]
["设备管理五部（塘厦中心水厂）",null,"收货地址：东莞市塘厦镇东深一路8号塘厦中心水厂，收货人：赵凤兰 15817660678，赵美玲 136252547593"]
[1,{"$nulls":5},{"v":0,"d":"¥0.00"}]
[2,{"$nulls":5},{"v":0,"d":"¥0.00"}]
[3,{"$nulls":5},{"v":0,"d":"¥0.00"}]
[null,"小计",{"$nulls":4},{"v":0,"d":"¥0.00"}]
["设备管理五部（塘厦凤凰水厂）",null,"收货地址：东莞市塘厦镇凤凰社区凤清路65号塘厦凤凰水厂，收货人：黄礼文 13686099284"]
[1,{"$nulls":5},{"v":0,"d":"¥0.00"}]
[2,{"$nulls":5},{"v":0,"d":"¥0.00"}]
[3,{"$nulls":5},{"v":0,"d":"¥0.00"}]
[null,"小计",{"$nulls":4},{"v":0,"d":"¥0.00"}]
["设备管理五部（塘厦虾公岩水厂）",null,"收货地址：东莞市塘厦镇大坪社区四黎南路170-1塘厦虾公岩水厂，收货人：陈凤珍 15917721836，罗银妹 13392348369"]
[1,{"$nulls":5},{"v":0,"d":"¥0.00"}]
[2,{"$nulls":5},{"v":0,"d":"¥0.00"}]
[3,{"$nulls":5},{"v":0,"d":"¥0.00"}]
[null,"小计",{"$nulls":4},{"v":0,"d":"¥0.00"}]
["设备管理五部（凤岗第一水厂）",null,"收货地址：东莞市凤岗镇花果山二巷13号，收货人：张思雅 15322863540，张玉金 13798879957"]
[1,{"$nulls":5},{"v":0,"d":"¥0.00"}]
[2,{"$nulls":5},{"v":0,"d":"¥0.00"}]
[3,{"$nulls":5},{"v":0,"d":"¥0.00"}]
[null,"小计",{"$nulls":4},{"v":0,"d":"¥0.00"}]
["设备管理五部（凤岗第二水厂）",null,"收货地址：东莞市凤岗镇沙岭抽水站路8号，收货人：黄凯迪 13544779297，吕换清 13412350778"]
[1,{"$nulls":5},{"v":0,"d":"¥0.00"}]
[2,{"$nulls":5},{"v":0,"d":"¥0.00"}]
[3,{"$nulls":5},{"v":0,"d":"¥0.00"}]
[null,"小计",{"$nulls":4},{"v":0,"d":"¥0.00"}]
["设备管理六部（长湖水厂）",null,"收货地址：东莞市大岭山镇水朗村大岭山大道592号，收货人：汤青如 13728443754，黎锦辉 13652522995"]
[1,{"$nulls":5},{"v":0,"d":"¥0.00"}]
[2,{"$nulls":5},{"v":0,"d":"¥0.00"}]
[3,{"$nulls":5},{"v":0,"d":"¥0.00"}]
[null,"小计",{"$nulls":4},{"v":0,"d":"¥0.00"}]
["设备管理六部（松山湖水厂）",null,"收货地址：东莞市环湖路与南山路交叉口西北320米，收货人：陆嘉仪 13538640388，袁庆全 13922522636"]
[1,{"$nulls":5},{"v":0,"d":"¥0.00"}]
[2,{"$nulls":5},{"v":0,"d":"¥0.00"}]
[3,{"$nulls":5},{"v":0,"d":"¥0.00"}]
[null,"小计",{"$nulls":4},{"v":0,"d":"¥0.00"}]
["设备管理六部（芦花坑水厂）",null,"收货地址：东莞市虎门镇居岐路99号，收货人：周志恒 13728427322"]
[1,{"$nulls":5},{"v":0,"d":"¥0.00"}]
[2,{"$nulls":5},{"v":0,"d":"¥0.00"}]
[3,{"$nulls":5},{"v":0,"d":"¥0.00"}]
[null,"小计",{"$nulls":4},{"v":0,"d":"¥0.00"}]
[null,"合计",{"$nulls":4},{"v":0,"d":"¥0.00"}]

{"sheet":"水质仪表类","index":4,"n_rows":149,"n_cols":9,"rows_kept":149,"hidden":true,"merged":[[0,0,0,8],[1,0,1,5],[1,6,1,8],[3,0,3,1],[3,2,3,8],[8,0,8,1],[8,2,8,8],[13,0,13,1],[13,2,13,8],[18,0,18,1],[18,2,18,8],[23,0,23,1],[23,2,23,8],[28,0,28,1],[28,2,28,8],[33,0,33,1],[33,2,33,8],[38,0,38,1],[38,2,38,8],[43,0,43,1],[43,2,43,8],[48,0,48,1],[48,2,48,8],[53,0,53,1],[53,2,53,8],[58,0,58,1],[58,2,58,8],[63,0,63,1],[63,2,63,8],[68,0,68,1],[68,2,68,8],[73,0,73,1],[73,2,73,8],[78,0,78,1],[78,2,78,8],[83,0,83,1],[83,2,83,8],[88,0,88,1],[88,2,88,8],[93,0,93,1],[93,2,93,8],[98,0,98,1],[98,2,98,8],[103,0,103,1],[103,2,103,8],[108,0,108,1],[108,2,108,8],[113,0,113,1],[113,2,113,8],[118,0,118,1],[118,2,118,8],[123,0,123,1],[123,2,123,8],[128,0,128,1],[128,2,128,8],[133,0,133,1],[133,2,133,8],[138,0,138,1],[138,2,138,8],[143,0,143,1],[143,2,143,8]],"flags":["formulas_cached_only"]}
["东莞市水务集团供水有限公司制水分公司2025年8月水质仪表类物资采购申请清单"]
["编号:设备管理二部呈批(2025)XXX号",{"$nulls":5},"申购日期：2025年7月X日"]
["序号","物品名称","规格/型号","单位","数量","估算单价（元）","估算总金额（元）","备注","联系人及联系方式"]
["设备管理一部（第四水厂）",null,"收货地址：东莞市石碣镇鹤田厦村富田路第四水厂，收货人：黎丽娟 13650105268，熊碧霞 13415856663"]
[1,{"$nulls":5},{"v":0,"d":"¥0.00"}]
[2,{"$nulls":5},{"v":0,"d":"¥0.00"}]
[3,{"$nulls":5},{"v":0,"d":"¥0.00"}]
[null,"小计",{"$nulls":4},{"v":0,"d":"¥0.00"}]
["设备管理一部（高埗水厂）",null,"收货地址：东莞市高埗镇沿江南路48号高埗水厂，收货人：廖树标 13712523481"]
[1,{"$nulls":5},{"v":0,"d":"¥0.00"}]
[2,{"$nulls":5},{"v":0,"d":"¥0.00"}]
[3,{"$nulls":5},{"v":0,"d":"¥0.00"}]
[null,"小计",{"$nulls":4},{"v":0,"d":"¥0.00"}]
["设备管理一部（万江水厂）",null,"收货地址：东莞市万江区万龙路191号万江水厂，收货人：杨伟强 15916738349，何汉能 13650220888"]
[1,{"$nulls":5},{"v":0,"d":"¥0.00"}]
[2,{"$nulls":5},{"v":0,"d":"¥0.00"}]
[3,{"$nulls":5},{"v":0,"d":"¥0.00"}]
[null,"小计",{"$nulls":4},{"v":0,"d":"¥0.00"}]
["设备管理一部（中堂水厂）",null,"收货地址：东莞市中堂镇滨江大道3号中堂水厂，收货人：赖远鑫 13713383382，李继成 13556793939"]
[1,{"$nulls":5},{"v":0,"d":"¥0.00"}]
[2,{"$nulls":5},{"v":0,"d":"¥0.00"}]
[3,{"$nulls":5},{"v":0,"d":"¥0.00"}]
[null,"小计",{"$nulls":4},{"v":0,"d":"¥0.00"}]
["设备管理一部（石碣水厂）",null,"收货地址：东莞市石碣镇同德路石碣水厂，收货人：何国栋 13377788395，袁惠成 13423235223"]
[1,{"$nulls":5},{"v":0,"d":"¥0.00"}]
[2,{"$nulls":5},{"v":0,"d":"¥0.00"}]
[3,{"$nulls":5},{"v":0,"d":"¥0.00"}]
[null,"小计",{"$nulls":4},{"v":0,"d":"¥0.00"}]
["设备管理二部（第三水厂）",null,"收货地址：东莞市东城樟村桂塘路12号，收货人：欧阳丹 13713099246"]
[1,{"$nulls":5},{"v":0,"d":"¥0.00"}]
[2,{"$nulls":5},{"v":0,"d":"¥0.00"}]
[3,{"$nulls":5},{"v":0,"d":"¥0.00"}]
[null,"小计",{"$nulls":4},{"v":0,"d":"¥0.00"}]
["设备管理二部（第六水厂）",null,"收货地址：东莞市东城街道莞龙路东城段21号，收货人：钟巧欢 13790666516，徐立安  13556769268"]
[1,{"$nulls":5},{"v":0,"d":"¥0.00"}]
[2,{"$nulls":5},{"v":0,"d":"¥0.00"}]
[3,{"$nulls":5},{"v":0,"d":"¥0.00"}]
[null,"小计",{"$nulls":4},{"v":0,"d":"¥0.00"}]
["设备管理二部（东城水厂）",null,"收货地址：东莞市东城下桥银岭街9号东城水厂，收货人：谢桂玲  13652639443，祁灼均 13546995678"]
[1,{"$nulls":5},{"v":0,"d":"¥0.00"}]
[2,{"$nulls":5},{"v":0,"d":"¥0.00"}]
[3,{"$nulls":5},{"v":0,"d":"¥0.00"}]
[null,"小计",{"$nulls":4},{"v":0,"d":"¥0.00"}]
["设备管理二部（石龙黄洲水厂）",null,"收货地址：东莞市石龙镇黄洲水源路6号黄洲水厂，收货人：刘月儒 15916936669，叶润珍 13326895152"]
[1,{"$nulls":5},{"v":0,"d":"¥0.00"}]
[2,{"$nulls":5},{"v":0,"d":"¥0.00"}]
[3,{"$nulls":5},{"v":0,"d":"¥0.00"}]
[null,"小计",{"$nulls":4},{"v":0,"d":"¥0.00"}]
["设备管理二部（石龙西湖水厂）",null,"收货地址：东莞市石龙镇西湖东路111号石龙西湖水厂，收货人：杨佩雯 13480449430，吴文烽 13825757818"]
[1,{"$nulls":5},{"v":0,"d":"¥0.00"}]
[2,{"$nulls":5},{"v":0,"d":"¥0.00"}]
[3,{"$nulls":5},{"v":0,"d":"¥0.00"}]
[null,"小计",{"$nulls":4},{"v":0,"d":"¥0.00"}]
["设备管理三部（第五水厂）",null,"收货地址：东莞市企石镇杨屋村新兴路33号第五水厂，收货人：林清文 13532690033，缪小英 13622678068"]
[1,{"$nulls":5},{"v":0,"d":"¥0.00"}]
[2,{"$nulls":5},{"v":0,"d":"¥0.00"}]
[3,{"$nulls":5},{"v":0,"d":"¥0.00"}]
[null,"小计",{"$nulls":4},{"v":0,"d":"¥0.00"}]
["设备管理三部（石排水厂）",null,"收货地址：东莞市石排镇东江大道石排段52号石排水厂，收货人：赖微珊 19928155511，邓闰傍 13532976833"]
[1,{"$nulls":5},{"v":0,"d":"¥0.00"}]
[2,{"$nulls":5},{"v":0,"d":"¥0.00"}]
[3,{"$nulls":5},{"v":0,"d":"¥0.00"}]
[null,"小计",{"$nulls":4},{"v":0,"d":"¥0.00"}]
["设备管理三部（企石水厂）",null,"收货地址：东莞市企石镇黄大仙路56号企石水厂，收货人：朱锐文 15989675266，刘锐谦 15816842146"]
[1,{"$nulls":5},{"v":0,"d":"¥0.00"}]
[2,{"$nulls":5},{"v":0,"d":"¥0.00"}]
[3,{"$nulls":5},{"v":0,"d":"¥0.00"}]
[null,"小计",{"$nulls":4},{"v":0,"d":"¥0.00"}]
["设备管理三部（桥头第二水厂）",null,"收货地址：东莞市桥头镇中兴路403号桥头第二水厂，收货人：莫仲琪 13902698481，钟汉强 13509849329"]
[1,{"$nulls":5},{"v":0,"d":"¥0.00"}]
[2,{"$nulls":5},{"v":0,"d":"¥0.00"}]
[3,{"$nulls":5},{"v":0,"d":"¥0.00"}]
[null,"小计",{"$nulls":4},{"v":0,"d":"¥0.00"}]
["设备管理三部（桥头第三水厂）",null,"收货地址：东莞市桥头镇东江村木棉路桥头第三水厂，收货人：莫浩祥 13532516168，罗国林 18922994622"]
[1,{"$nulls":5},{"v":0,"d":"¥0.00"}]
[2,{"$nulls":5},{"v":0,"d":"¥0.00"}]
[3,{"$nulls":5},{"v":0,"d":"¥0.00"}]
[null,"小计",{"$nulls":4},{"v":0,"d":"¥0.00"}]
["设备管理三部（横沥水厂）",null,"收货地址：东莞市横沥镇横沥东环路260号横沥水厂，收货人：黄汉桃 13711832138"]
[1,{"$nulls":5},{"v":0,"d":"¥0.00"}]
[2,{"$nulls":5},{"v":0,"d":"¥0.00"}]
[3,{"$nulls":5},{"v":0,"d":"¥0.00"}]
[null,"小计",{"$nulls":4},{"v":0,"d":"¥0.00"}]
["设备管理四部（黄江水厂）",null,"收货地址：东莞市黄江镇黄牛埔村强健街2号黄江水厂，收货人：黄健维 13129425636，王建华 13580904047"]
[1,{"$nulls":5},{"v":0,"d":"¥0.00"}]
[2,{"$nulls":5},{"v":0,"d":"¥0.00"}]
[3,{"$nulls":5},{"v":0,"d":"¥0.00"}]
[null,"小计",{"$nulls":4},{"v":0,"d":"¥0.00"}]
["设备管理四部（樟木头簕竹排水厂）",null,"收货地址：东莞市樟木头镇滨河路45号簕竹排水厂，收货人：刘子军 13790218277，黄汉明 18825897855"]
[1,{"$nulls":5},{"v":0,"d":"¥0.00"}]
[2,{"$nulls":5},{"v":0,"d":"¥0.00"}]
[3,{"$nulls":5},{"v":0,"d":"¥0.00"}]
[null,"小计",{"$nulls":4},{"v":0,"d":"¥0.00"}]
["设备管理四部（谢岗第二水厂）",null,"收货地址：东莞市谢岗镇南面石鼓水库路22号谢岗第二水厂，收货人：林嘉兴 13268555430，张李红 13128071061"]
[1,{"$nulls":5},{"v":0,"d":"¥0.00"}]
[2,{"$nulls":5},{"v":0,"d":"¥0.00"}]
[3,{"$nulls":5},{"v":0,"d":"¥0.00"}]
[null,"小计",{"$nulls":4},{"v":0,"d":"¥0.00"}]
["设备管理四部（谢岗第三水厂）",null,"收货地址：东莞市谢岗镇曹乐工业一路15号101室供水公司，收货人：朱树明 13713366089，刘晓彬 13926867866"]
[1,{"$nulls":5},{"v":0,"d":"¥0.00"}]
[2,{"$nulls":5},{"v":0,"d":"¥0.00"}]
[3,{"$nulls":5},{"v":0,"d":"¥0.00"}]
[null,"小计",{"$nulls":4},{"v":0,"d":"¥0.00"}]
["设备管理四部（塘厦牛眠埔水厂）",null,"收货地址：东莞市塘厦镇牛眠埔新围路牛眠埔水厂，收货人：黄颖璋 13713362502，罗亮开 13729993310"]
[1,{"$nulls":5},{"v":0,"d":"¥0.00"}]
[2,{"$nulls":5},{"v":0,"d":"¥0.00"}]
[3,{"$nulls":5},{"v":0,"d":"¥0.00"}]
[null,"小计",{"$nulls":4},{"v":0,"d":"¥0.00"}]
["设备管理五部（塘厦中心水厂）",null,"收货地址：东莞市塘厦镇东深一路8号塘厦中心水厂，收货人：赵凤兰 15817660678，赵美玲 136252547593"]
[1,{"$nulls":5},{"v":0,"d":"¥0.00"}]
[2,{"$nulls":5},{"v":0,"d":"¥0.00"}]
[3,{"$nulls":5},{"v":0,"d":"¥0.00"}]
[null,"小计",{"$nulls":4},{"v":0,"d":"¥0.00"}]
["设备管理五部（塘厦凤凰水厂）",null,"收货地址：东莞市塘厦镇凤凰社区凤清路65号塘厦凤凰水厂，收货人：黄礼文 13686099284"]
[1,{"$nulls":5},{"v":0,"d":"¥0.00"}]
[2,{"$nulls":5},{"v":0,"d":"¥0.00"}]
[3,{"$nulls":5},{"v":0,"d":"¥0.00"}]
[null,"小计",{"$nulls":4},{"v":0,"d":"¥0.00"}]
["设备管理五部（塘厦虾公岩水厂）",null,"收货地址：东莞市塘厦镇大坪社区四黎南路170-1塘厦虾公岩水厂，收货人：陈凤珍 15917721836，罗银妹 13392348369"]
[1,{"$nulls":5},{"v":0,"d":"¥0.00"}]
[2,{"$nulls":5},{"v":0,"d":"¥0.00"}]
[3,{"$nulls":5},{"v":0,"d":"¥0.00"}]
[null,"小计",{"$nulls":4},{"v":0,"d":"¥0.00"}]
["设备管理五部（凤岗第一水厂）",null,"收货地址：东莞市凤岗镇花果山二巷13号，收货人：张思雅 15322863540，张玉金 13798879957"]
[1,{"$nulls":5},{"v":0,"d":"¥0.00"}]
[2,{"$nulls":5},{"v":0,"d":"¥0.00"}]
[3,{"$nulls":5},{"v":0,"d":"¥0.00"}]
[null,"小计",{"$nulls":4},{"v":0,"d":"¥0.00"}]
["设备管理五部（凤岗第二水厂）",null,"收货地址：东莞市凤岗镇沙岭抽水站路8号，收货人：黄凯迪 13544779297，吕换清 13412350778"]
[1,{"$nulls":5},{"v":0,"d":"¥0.00"}]
[2,{"$nulls":5},{"v":0,"d":"¥0.00"}]
[3,{"$nulls":5},{"v":0,"d":"¥0.00"}]
[null,"小计",{"$nulls":4},{"v":0,"d":"¥0.00"}]
["设备管理六部（长湖水厂）",null,"收货地址：东莞市大岭山镇水朗村大岭山大道592号，收货人：汤青如 13728443754，黎锦辉 13652522995"]
[1,{"$nulls":5},{"v":0,"d":"¥0.00"}]
[2,{"$nulls":5},{"v":0,"d":"¥0.00"}]
[3,{"$nulls":5},{"v":0,"d":"¥0.00"}]
[null,"小计",{"$nulls":4},{"v":0,"d":"¥0.00"}]
["设备管理六部（松山湖水厂）",null,"收货地址：东莞市环湖路与南山路交叉口西北320米，收货人：陆嘉仪 13538640388，袁庆全 13922522636"]
[1,{"$nulls":5},{"v":0,"d":"¥0.00"}]
[2,{"$nulls":5},{"v":0,"d":"¥0.00"}]
[3,{"$nulls":5},{"v":0,"d":"¥0.00"}]
[null,"小计",{"$nulls":4},{"v":0,"d":"¥0.00"}]
["设备管理六部（芦花坑水厂）",null,"收货地址：东莞市虎门镇居岐路99号，收货人：周志恒 13728427322"]
[1,{"$nulls":5},{"v":0,"d":"¥0.00"}]
[2,{"$nulls":5},{"v":0,"d":"¥0.00"}]
[3,{"$nulls":5},{"v":0,"d":"¥0.00"}]
[null,"小计",{"$nulls":4},{"v":0,"d":"¥0.00"}]
[null,"合计",{"$nulls":4},{"v":0,"d":"¥0.00"}]

{"sheet":"生产网络设备类","index":5,"n_rows":149,"n_cols":9,"rows_kept":149,"hidden":true,"merged":[[0,0,0,8],[1,0,1,5],[1,6,1,8],[3,0,3,1],[3,2,3,8],[8,0,8,1],[8,2,8,8],[13,0,13,1],[13,2,13,8],[18,0,18,1],[18,2,18,8],[23,0,23,1],[23,2,23,8],[28,0,28,1],[28,2,28,8],[33,0,33,1],[33,2,33,8],[38,0,38,1],[38,2,38,8],[43,0,43,1],[43,2,43,8],[48,0,48,1],[48,2,48,8],[53,0,53,1],[53,2,53,8],[58,0,58,1],[58,2,58,8],[63,0,63,1],[63,2,63,8],[68,0,68,1],[68,2,68,8],[73,0,73,1],[73,2,73,8],[78,0,78,1],[78,2,78,8],[83,0,83,1],[83,2,83,8],[88,0,88,1],[88,2,88,8],[93,0,93,1],[93,2,93,8],[98,0,98,1],[98,2,98,8],[103,0,103,1],[103,2,103,8],[108,0,108,1],[108,2,108,8],[113,0,113,1],[113,2,113,8],[118,0,118,1],[118,2,118,8],[123,0,123,1],[123,2,123,8],[128,0,128,1],[128,2,128,8],[133,0,133,1],[133,2,133,8],[138,0,138,1],[138,2,138,8],[143,0,143,1],[143,2,143,8]],"flags":["formulas_cached_only"]}
["东莞市水务集团供水有限公司制水分公司2025年8月生产网络设备类物资采购申请清单"]
["编号:设备管理二部呈批(2025)XXX号",{"$nulls":5},"申购日期：2025年7月X日"]
["序号","物品名称","规格/型号","单位","数量","估算单价（元）","估算总金额（元）","备注","联系人及联系方式"]
["设备管理一部（第四水厂）",null,"收货地址：东莞市石碣镇鹤田厦村富田路第四水厂，收货人：黎丽娟 13650105268，熊碧霞 13415856663"]
[1,{"$nulls":5},{"v":0,"d":"¥0.00"}]
[2,{"$nulls":5},{"v":0,"d":"¥0.00"}]
[3,{"$nulls":5},{"v":0,"d":"¥0.00"}]
[null,"小计",{"$nulls":4},{"v":0,"d":"¥0.00"}]
["设备管理一部（高埗水厂）",null,"收货地址：东莞市高埗镇沿江南路48号高埗水厂，收货人：廖树标 13712523481"]
[1,{"$nulls":5},{"v":0,"d":"¥0.00"}]
[2,{"$nulls":5},{"v":0,"d":"¥0.00"}]
[3,{"$nulls":5},{"v":0,"d":"¥0.00"}]
[null,"小计",{"$nulls":4},{"v":0,"d":"¥0.00"}]
["设备管理一部（万江水厂）",null,"收货地址：东莞市万江区万龙路191号万江水厂，收货人：杨伟强 15916738349，何汉能 13650220888"]
[1,{"$nulls":5},{"v":0,"d":"¥0.00"}]
[2,{"$nulls":5},{"v":0,"d":"¥0.00"}]
[3,{"$nulls":5},{"v":0,"d":"¥0.00"}]
[null,"小计",{"$nulls":4},{"v":0,"d":"¥0.00"}]
["设备管理一部（中堂水厂）",null,"收货地址：东莞市中堂镇滨江大道3号中堂水厂，收货人：赖远鑫 13713383382，李继成 13556793939"]
[1,{"$nulls":5},{"v":0,"d":"¥0.00"}]
[2,{"$nulls":5},{"v":0,"d":"¥0.00"}]
[3,{"$nulls":5},{"v":0,"d":"¥0.00"}]
[null,"小计",{"$nulls":4},{"v":0,"d":"¥0.00"}]
["设备管理一部（石碣水厂）",null,"收货地址：东莞市石碣镇同德路石碣水厂，收货人：何国栋 13377788395，袁惠成 13423235223"]
[1,{"$nulls":5},{"v":0,"d":"¥0.00"}]
[2,{"$nulls":5},{"v":0,"d":"¥0.00"}]
[3,{"$nulls":5},{"v":0,"d":"¥0.00"}]
[null,"小计",{"$nulls":4},{"v":0,"d":"¥0.00"}]
["设备管理二部（第三水厂）",null,"收货地址：东莞市东城樟村桂塘路12号，收货人：欧阳丹 13713099246"]
[1,{"$nulls":5},{"v":0,"d":"¥0.00"}]
[2,{"$nulls":5},{"v":0,"d":"¥0.00"}]
[3,{"$nulls":5},{"v":0,"d":"¥0.00"}]
[null,"小计",{"$nulls":4},{"v":0,"d":"¥0.00"}]
["设备管理二部（第六水厂）",null,"收货地址：东莞市东城街道莞龙路东城段21号，收货人：钟巧欢 13790666516，徐立安  13556769268"]
[1,{"$nulls":5},{"v":0,"d":"¥0.00"}]
[2,{"$nulls":5},{"v":0,"d":"¥0.00"}]
[3,{"$nulls":5},{"v":0,"d":"¥0.00"}]
[null,"小计",{"$nulls":4},{"v":0,"d":"¥0.00"}]
["设备管理二部（东城水厂）",null,"收货地址：东莞市东城下桥银岭街9号东城水厂，收货人：谢桂玲  13652639443，祁灼均 13546995678"]
[1,{"$nulls":5},{"v":0,"d":"¥0.00"}]
[2,{"$nulls":5},{"v":0,"d":"¥0.00"}]
[3,{"$nulls":5},{"v":0,"d":"¥0.00"}]
[null,"小计",{"$nulls":4},{"v":0,"d":"¥0.00"}]
["设备管理二部（石龙黄洲水厂）",null,"收货地址：东莞市石龙镇黄洲水源路6号黄洲水厂，收货人：刘月儒 15916936669，叶润珍 13326895152"]
[1,{"$nulls":5},{"v":0,"d":"¥0.00"}]
[2,{"$nulls":5},{"v":0,"d":"¥0.00"}]
[3,{"$nulls":5},{"v":0,"d":"¥0.00"}]
[null,"小计",{"$nulls":4},{"v":0,"d":"¥0.00"}]
["设备管理二部（石龙西湖水厂）",null,"收货地址：东莞市石龙镇西湖东路111号石龙西湖水厂，收货人：杨佩雯 13480449430，吴文烽 13825757818"]
[1,{"$nulls":5},{"v":0,"d":"¥0.00"}]
[2,{"$nulls":5},{"v":0,"d":"¥0.00"}]
[3,{"$nulls":5},{"v":0,"d":"¥0.00"}]
[null,"小计",{"$nulls":4},{"v":0,"d":"¥0.00"}]
["设备管理三部（第五水厂）",null,"收货地址：东莞市企石镇杨屋村新兴路33号第五水厂，收货人：林清文 13532690033，缪小英 13622678068"]
[1,{"$nulls":5},{"v":0,"d":"¥0.00"}]
[2,{"$nulls":5},{"v":0,"d":"¥0.00"}]
[3,{"$nulls":5},{"v":0,"d":"¥0.00"}]
[null,"小计",{"$nulls":4},{"v":0,"d":"¥0.00"}]
["设备管理三部（石排水厂）",null,"收货地址：东莞市石排镇东江大道石排段52号石排水厂，收货人：赖微珊 19928155511，邓闰傍 13532976833"]
[1,{"$nulls":5},{"v":0,"d":"¥0.00"}]
[2,{"$nulls":5},{"v":0,"d":"¥0.00"}]
[3,{"$nulls":5},{"v":0,"d":"¥0.00"}]
[null,"小计",{"$nulls":4},{"v":0,"d":"¥0.00"}]
["设备管理三部（企石水厂）",null,"收货地址：东莞市企石镇黄大仙路56号企石水厂，收货人：朱锐文 15989675266，刘锐谦 15816842146"]
[1,{"$nulls":5},{"v":0,"d":"¥0.00"}]
[2,{"$nulls":5},{"v":0,"d":"¥0.00"}]
[3,{"$nulls":5},{"v":0,"d":"¥0.00"}]
[null,"小计",{"$nulls":4},{"v":0,"d":"¥0.00"}]
["设备管理三部（桥头第二水厂）",null,"收货地址：东莞市桥头镇中兴路403号桥头第二水厂，收货人：莫仲琪 13902698481，钟汉强 13509849329"]
[1,{"$nulls":5},{"v":0,"d":"¥0.00"}]
[2,{"$nulls":5},{"v":0,"d":"¥0.00"}]
[3,{"$nulls":5},{"v":0,"d":"¥0.00"}]
[null,"小计",{"$nulls":4},{"v":0,"d":"¥0.00"}]
["设备管理三部（桥头第三水厂）",null,"收货地址：东莞市桥头镇东江村木棉路桥头第三水厂，收货人：莫浩祥 13532516168，罗国林 18922994622"]
[1,{"$nulls":5},{"v":0,"d":"¥0.00"}]
[2,{"$nulls":5},{"v":0,"d":"¥0.00"}]
[3,{"$nulls":5},{"v":0,"d":"¥0.00"}]
[null,"小计",{"$nulls":4},{"v":0,"d":"¥0.00"}]
["设备管理三部（横沥水厂）",null,"收货地址：东莞市横沥镇横沥东环路260号横沥水厂，收货人：黄汉桃 13711832138"]
[1,{"$nulls":5},{"v":0,"d":"¥0.00"}]
[2,{"$nulls":5},{"v":0,"d":"¥0.00"}]
[3,{"$nulls":5},{"v":0,"d":"¥0.00"}]
[null,"小计",{"$nulls":4},{"v":0,"d":"¥0.00"}]
["设备管理四部（黄江水厂）",null,"收货地址：东莞市黄江镇黄牛埔村强健街2号黄江水厂，收货人：黄健维 13129425636，王建华 13580904047"]
[1,{"$nulls":5},{"v":0,"d":"¥0.00"}]
[2,{"$nulls":5},{"v":0,"d":"¥0.00"}]
[3,{"$nulls":5},{"v":0,"d":"¥0.00"}]
[null,"小计",{"$nulls":4},{"v":0,"d":"¥0.00"}]
["设备管理四部（樟木头簕竹排水厂）",null,"收货地址：东莞市樟木头镇滨河路45号簕竹排水厂，收货人：刘子军 13790218277，黄汉明 18825897855"]
[1,{"$nulls":5},{"v":0,"d":"¥0.00"}]
[2,{"$nulls":5},{"v":0,"d":"¥0.00"}]
[3,{"$nulls":5},{"v":0,"d":"¥0.00"}]
[null,"小计",{"$nulls":4},{"v":0,"d":"¥0.00"}]
["设备管理四部（谢岗第二水厂）",null,"收货地址：东莞市谢岗镇南面石鼓水库路22号谢岗第二水厂，收货人：林嘉兴 13268555430，张李红 13128071061"]
[1,{"$nulls":5},{"v":0,"d":"¥0.00"}]
[2,{"$nulls":5},{"v":0,"d":"¥0.00"}]
[3,{"$nulls":5},{"v":0,"d":"¥0.00"}]
[null,"小计",{"$nulls":4},{"v":0,"d":"¥0.00"}]
["设备管理四部（谢岗第三水厂）",null,"收货地址：东莞市谢岗镇曹乐工业一路15号101室供水公司，收货人：朱树明 13713366089，刘晓彬 13926867866"]
[1,{"$nulls":5},{"v":0,"d":"¥0.00"}]
[2,{"$nulls":5},{"v":0,"d":"¥0.00"}]
[3,{"$nulls":5},{"v":0,"d":"¥0.00"}]
[null,"小计",{"$nulls":4},{"v":0,"d":"¥0.00"}]
["设备管理四部（塘厦牛眠埔水厂）",null,"收货地址：东莞市塘厦镇牛眠埔新围路牛眠埔水厂，收货人：黄颖璋 13713362502，罗亮开 13729993310"]
[1,{"$nulls":5},{"v":0,"d":"¥0.00"}]
[2,{"$nulls":5},{"v":0,"d":"¥0.00"}]
[3,{"$nulls":5},{"v":0,"d":"¥0.00"}]
[null,"小计",{"$nulls":4},{"v":0,"d":"¥0.00"}]
["设备管理五部（塘厦中心水厂）",null,"收货地址：东莞市塘厦镇东深一路8号塘厦中心水厂，收货人：赵凤兰 15817660678，赵美玲 136252547593"]
[1,{"$nulls":5},{"v":0,"d":"¥0.00"}]
[2,{"$nulls":5},{"v":0,"d":"¥0.00"}]
[3,{"$nulls":5},{"v":0,"d":"¥0.00"}]
[null,"小计",{"$nulls":4},{"v":0,"d":"¥0.00"}]
["设备管理五部（塘厦凤凰水厂）",null,"收货地址：东莞市塘厦镇凤凰社区凤清路65号塘厦凤凰水厂，收货人：黄礼文 13686099284"]
[1,{"$nulls":5},{"v":0,"d":"¥0.00"}]
[2,{"$nulls":5},{"v":0,"d":"¥0.00"}]
[3,{"$nulls":5},{"v":0,"d":"¥0.00"}]
[null,"小计",{"$nulls":4},{"v":0,"d":"¥0.00"}]
["设备管理五部（塘厦虾公岩水厂）",null,"收货地址：东莞市塘厦镇大坪社区四黎南路170-1塘厦虾公岩水厂，收货人：陈凤珍 15917721836，罗银妹 13392348369"]
[1,{"$nulls":5},{"v":0,"d":"¥0.00"}]
[2,{"$nulls":5},{"v":0,"d":"¥0.00"}]
[3,{"$nulls":5},{"v":0,"d":"¥0.00"}]
[null,"小计",{"$nulls":4},{"v":0,"d":"¥0.00"}]
["设备管理五部（凤岗第一水厂）",null,"收货地址：东莞市凤岗镇花果山二巷13号，收货人：张思雅 15322863540，张玉金 13798879957"]
[1,{"$nulls":5},{"v":0,"d":"¥0.00"}]
[2,{"$nulls":5},{"v":0,"d":"¥0.00"}]
[3,{"$nulls":5},{"v":0,"d":"¥0.00"}]
[null,"小计",{"$nulls":4},{"v":0,"d":"¥0.00"}]
["设备管理五部（凤岗第二水厂）",null,"收货地址：东莞市凤岗镇沙岭抽水站路8号，收货人：黄凯迪 13544779297，吕换清 13412350778"]
[1,{"$nulls":5},{"v":0,"d":"¥0.00"}]
[2,{"$nulls":5},{"v":0,"d":"¥0.00"}]
[3,{"$nulls":5},{"v":0,"d":"¥0.00"}]
[null,"小计",{"$nulls":4},{"v":0,"d":"¥0.00"}]
["设备管理六部（长湖水厂）",null,"收货地址：东莞市大岭山镇水朗村大岭山大道592号，收货人：汤青如 13728443754，黎锦辉 13652522995"]
[1,{"$nulls":5},{"v":0,"d":"¥0.00"}]
[2,{"$nulls":5},{"v":0,"d":"¥0.00"}]
[3,{"$nulls":5},{"v":0,"d":"¥0.00"}]
[null,"小计",{"$nulls":4},{"v":0,"d":"¥0.00"}]
["设备管理六部（松山湖水厂）",null,"收货地址：东莞市环湖路与南山路交叉口西北320米，收货人：陆嘉仪 13538640388，袁庆全 13922522636"]
[1,{"$nulls":5},{"v":0,"d":"¥0.00"}]
[2,{"$nulls":5},{"v":0,"d":"¥0.00"}]
[3,{"$nulls":5},{"v":0,"d":"¥0.00"}]
[null,"小计",{"$nulls":4},{"v":0,"d":"¥0.00"}]
["设备管理六部（芦花坑水厂）",null,"收货地址：东莞市虎门镇居岐路99号，收货人：周志恒 13728427322"]
[1,{"$nulls":5},{"v":0,"d":"¥0.00"}]
[2,{"$nulls":5},{"v":0,"d":"¥0.00"}]
[3,{"$nulls":5},{"v":0,"d":"¥0.00"}]
[null,"小计",{"$nulls":4},{"v":0,"d":"¥0.00"}]
[null,"合计",{"$nulls":4},{"v":0,"d":"¥0.00"}]

{"sheet":"监控设备类","index":6,"n_rows":149,"n_cols":9,"rows_kept":149,"hidden":true,"merged":[[0,0,0,8],[1,0,1,5],[1,6,1,8],[3,0,3,1],[3,2,3,8],[8,0,8,1],[8,2,8,8],[13,0,13,1],[13,2,13,8],[18,0,18,1],[18,2,18,8],[23,0,23,1],[23,2,23,8],[28,0,28,1],[28,2,28,8],[33,0,33,1],[33,2,33,8],[38,0,38,1],[38,2,38,8],[43,0,43,1],[43,2,43,8],[48,0,48,1],[48,2,48,8],[53,0,53,1],[53,2,53,8],[58,0,58,1],[58,2,58,8],[63,0,63,1],[63,2,63,8],[68,0,68,1],[68,2,68,8],[73,0,73,1],[73,2,73,8],[78,0,78,1],[78,2,78,8],[83,0,83,1],[83,2,83,8],[88,0,88,1],[88,2,88,8],[93,0,93,1],[93,2,93,8],[98,0,98,1],[98,2,98,8],[103,0,103,1],[103,2,103,8],[108,0,108,1],[108,2,108,8],[113,0,113,1],[113,2,113,8],[118,0,118,1],[118,2,118,8],[123,0,123,1],[123,2,123,8],[128,0,128,1],[128,2,128,8],[133,0,133,1],[133,2,133,8],[138,0,138,1],[138,2,138,8],[143,0,143,1],[143,2,143,8]],"flags":["formulas_cached_only"]}
["东莞市水务集团供水有限公司制水分公司2025年8月监控设备类物资采购申请清单"]
["编号:设备管理二部呈批(2025)XXX号",{"$nulls":5},"申购日期：2025年7月X日"]
["序号","物品名称","规格/型号","单位","数量","估算单价（元）","估算总金额（元）","备注","联系人及联系方式"]
["设备管理一部（第四水厂）",null,"收货地址：东莞市石碣镇鹤田厦村富田路第四水厂，收货人：黎丽娟 13650105268，熊碧霞 13415856663"]
[1,{"$nulls":5},{"v":0,"d":"¥0.00"}]
[2,{"$nulls":5},{"v":0,"d":"¥0.00"}]
[3,{"$nulls":5},{"v":0,"d":"¥0.00"}]
[null,"小计",{"$nulls":4},{"v":0,"d":"¥0.00"}]
["设备管理一部（高埗水厂）",null,"收货地址：东莞市高埗镇沿江南路48号高埗水厂，收货人：廖树标 13712523481"]
[1,{"$nulls":5},{"v":0,"d":"¥0.00"}]
[2,{"$nulls":5},{"v":0,"d":"¥0.00"}]
[3,{"$nulls":5},{"v":0,"d":"¥0.00"}]
[null,"小计",{"$nulls":4},{"v":0,"d":"¥0.00"}]
["设备管理一部（万江水厂）",null,"收货地址：东莞市万江区万龙路191号万江水厂，收货人：杨伟强 15916738349，何汉能 13650220888"]
[1,{"$nulls":5},{"v":0,"d":"¥0.00"}]
[2,{"$nulls":5},{"v":0,"d":"¥0.00"}]
[3,{"$nulls":5},{"v":0,"d":"¥0.00"}]
[null,"小计",{"$nulls":4},{"v":0,"d":"¥0.00"}]
["设备管理一部（中堂水厂）",null,"收货地址：东莞市中堂镇滨江大道3号中堂水厂，收货人：赖远鑫 13713383382，李继成 13556793939"]
[1,{"$nulls":5},{"v":0,"d":"¥0.00"}]
[2,{"$nulls":5},{"v":0,"d":"¥0.00"}]
[3,{"$nulls":5},{"v":0,"d":"¥0.00"}]
[null,"小计",{"$nulls":4},{"v":0,"d":"¥0.00"}]
["设备管理一部（石碣水厂）",null,"收货地址：东莞市石碣镇同德路石碣水厂，收货人：何国栋 13377788395，袁惠成 13423235223"]
[1,{"$nulls":5},{"v":0,"d":"¥0.00"}]
[2,{"$nulls":5},{"v":0,"d":"¥0.00"}]
[3,{"$nulls":5},{"v":0,"d":"¥0.00"}]
[null,"小计",{"$nulls":4},{"v":0,"d":"¥0.00"}]
["设备管理二部（第三水厂）",null,"收货地址：东莞市东城樟村桂塘路12号，收货人：欧阳丹 13713099246"]
[1,{"$nulls":5},{"v":0,"d":"¥0.00"}]
[2,{"$nulls":5},{"v":0,"d":"¥0.00"}]
[3,{"$nulls":5},{"v":0,"d":"¥0.00"}]
[null,"小计",{"$nulls":4},{"v":0,"d":"¥0.00"}]
["设备管理二部（第六水厂）",null,"收货地址：东莞市东城街道莞龙路东城段21号，收货人：钟巧欢 13790666516，徐立安  13556769268"]
[1,{"$nulls":5},{"v":0,"d":"¥0.00"}]
[2,{"$nulls":5},{"v":0,"d":"¥0.00"}]
[3,{"$nulls":5},{"v":0,"d":"¥0.00"}]
[null,"小计",{"$nulls":4},{"v":0,"d":"¥0.00"}]
["设备管理二部（东城水厂）",null,"收货地址：东莞市东城下桥银岭街9号东城水厂，收货人：谢桂玲  13652639443，祁灼均 13546995678"]
[1,{"$nulls":5},{"v":0,"d":"¥0.00"}]
[2,{"$nulls":5},{"v":0,"d":"¥0.00"}]
[3,{"$nulls":5},{"v":0,"d":"¥0.00"}]
[null,"小计",{"$nulls":4},{"v":0,"d":"¥0.00"}]
["设备管理二部（石龙黄洲水厂）",null,"收货地址：东莞市石龙镇黄洲水源路6号黄洲水厂，收货人：刘月儒 15916936669，叶润珍 13326895152"]
[1,{"$nulls":5},{"v":0,"d":"¥0.00"}]
[2,{"$nulls":5},{"v":0,"d":"¥0.00"}]
[3,{"$nulls":5},{"v":0,"d":"¥0.00"}]
[null,"小计",{"$nulls":4},{"v":0,"d":"¥0.00"}]
["设备管理二部（石龙西湖水厂）",null,"收货地址：东莞市石龙镇西湖东路111号石龙西湖水厂，收货人：杨佩雯 13480449430，吴文烽 13825757818"]
[1,{"$nulls":5},{"v":0,"d":"¥0.00"}]
[2,{"$nulls":5},{"v":0,"d":"¥0.00"}]
[3,{"$nulls":5},{"v":0,"d":"¥0.00"}]
[null,"小计",{"$nulls":4},{"v":0,"d":"¥0.00"}]
["设备管理三部（第五水厂）",null,"收货地址：东莞市企石镇杨屋村新兴路33号第五水厂，收货人：林清文 13532690033，缪小英 13622678068"]
[1,{"$nulls":5},{"v":0,"d":"¥0.00"}]
[2,{"$nulls":5},{"v":0,"d":"¥0.00"}]
[3,{"$nulls":5},{"v":0,"d":"¥0.00"}]
[null,"小计",{"$nulls":4},{"v":0,"d":"¥0.00"}]
["设备管理三部（石排水厂）",null,"收货地址：东莞市石排镇东江大道石排段52号石排水厂，收货人：赖微珊 19928155511，邓闰傍 13532976833"]
[1,{"$nulls":5},{"v":0,"d":"¥0.00"}]
[2,{"$nulls":5},{"v":0,"d":"¥0.00"}]
[3,{"$nulls":5},{"v":0,"d":"¥0.00"}]
[null,"小计",{"$nulls":4},{"v":0,"d":"¥0.00"}]
["设备管理三部（企石水厂）",null,"收货地址：东莞市企石镇黄大仙路56号企石水厂，收货人：朱锐文 15989675266，刘锐谦 15816842146"]
[1,{"$nulls":5},{"v":0,"d":"¥0.00"}]
[2,{"$nulls":5},{"v":0,"d":"¥0.00"}]
[3,{"$nulls":5},{"v":0,"d":"¥0.00"}]
[null,"小计",{"$nulls":4},{"v":0,"d":"¥0.00"}]
["设备管理三部（桥头第二水厂）",null,"收货地址：东莞市桥头镇中兴路403号桥头第二水厂，收货人：莫仲琪 13902698481，钟汉强 13509849329"]
[1,{"$nulls":5},{"v":0,"d":"¥0.00"}]
[2,{"$nulls":5},{"v":0,"d":"¥0.00"}]
[3,{"$nulls":5},{"v":0,"d":"¥0.00"}]
[null,"小计",{"$nulls":4},{"v":0,"d":"¥0.00"}]
["设备管理三部（桥头第三水厂）",null,"收货地址：东莞市桥头镇东江村木棉路桥头第三水厂，收货人：莫浩祥 13532516168，罗国林 18922994622"]
[1,{"$nulls":5},{"v":0,"d":"¥0.00"}]
[2,{"$nulls":5},{"v":0,"d":"¥0.00"}]
[3,{"$nulls":5},{"v":0,"d":"¥0.00"}]
[null,"小计",{"$nulls":4},{"v":0,"d":"¥0.00"}]
["设备管理三部（横沥水厂）",null,"收货地址：东莞市横沥镇横沥东环路260号横沥水厂，收货人：黄汉桃 13711832138"]
[1,{"$nulls":5},{"v":0,"d":"¥0.00"}]
[2,{"$nulls":5},{"v":0,"d":"¥0.00"}]
[3,{"$nulls":5},{"v":0,"d":"¥0.00"}]
[null,"小计",{"$nulls":4},{"v":0,"d":"¥0.00"}]
["设备管理四部（黄江水厂）",null,"收货地址：东莞市黄江镇黄牛埔村强健街2号黄江水厂，收货人：黄健维 13129425636，王建华 13580904047"]
[1,{"$nulls":5},{"v":0,"d":"¥0.00"}]
[2,{"$nulls":5},{"v":0,"d":"¥0.00"}]
[3,{"$nulls":5},{"v":0,"d":"¥0.00"}]
[null,"小计",{"$nulls":4},{"v":0,"d":"¥0.00"}]
["设备管理四部（樟木头簕竹排水厂）",null,"收货地址：东莞市樟木头镇滨河路45号簕竹排水厂，收货人：刘子军 13790218277，黄汉明 18825897855"]
[1,{"$nulls":5},{"v":0,"d":"¥0.00"}]
[2,{"$nulls":5},{"v":0,"d":"¥0.00"}]
[3,{"$nulls":5},{"v":0,"d":"¥0.00"}]
[null,"小计",{"$nulls":4},{"v":0,"d":"¥0.00"}]
["设备管理四部（谢岗第二水厂）",null,"收货地址：东莞市谢岗镇南面石鼓水库路22号谢岗第二水厂，收货人：林嘉兴 13268555430，张李红 13128071061"]
[1,{"$nulls":5},{"v":0,"d":"¥0.00"}]
[2,{"$nulls":5},{"v":0,"d":"¥0.00"}]
[3,{"$nulls":5},{"v":0,"d":"¥0.00"}]
[null,"小计",{"$nulls":4},{"v":0,"d":"¥0.00"}]
["设备管理四部（谢岗第三水厂）",null,"收货地址：东莞市谢岗镇曹乐工业一路15号101室供水公司，收货人：朱树明 13713366089，刘晓彬 13926867866"]
[1,{"$nulls":5},{"v":0,"d":"¥0.00"}]
[2,{"$nulls":5},{"v":0,"d":"¥0.00"}]
[3,{"$nulls":5},{"v":0,"d":"¥0.00"}]
[null,"小计",{"$nulls":4},{"v":0,"d":"¥0.00"}]
["设备管理四部（塘厦牛眠埔水厂）",null,"收货地址：东莞市塘厦镇牛眠埔新围路牛眠埔水厂，收货人：黄颖璋 13713362502，罗亮开 13729993310"]
[1,{"$nulls":5},{"v":0,"d":"¥0.00"}]
[2,{"$nulls":5},{"v":0,"d":"¥0.00"}]
[3,{"$nulls":5},{"v":0,"d":"¥0.00"}]
[null,"小计",{"$nulls":4},{"v":0,"d":"¥0.00"}]
["设备管理五部（塘厦中心水厂）",null,"收货地址：东莞市塘厦镇东深一路8号塘厦中心水厂，收货人：赵凤兰 15817660678，赵美玲 136252547593"]
[1,{"$nulls":5},{"v":0,"d":"¥0.00"}]
[2,{"$nulls":5},{"v":0,"d":"¥0.00"}]
[3,{"$nulls":5},{"v":0,"d":"¥0.00"}]
[null,"小计",{"$nulls":4},{"v":0,"d":"¥0.00"}]
["设备管理五部（塘厦凤凰水厂）",null,"收货地址：东莞市塘厦镇凤凰社区凤清路65号塘厦凤凰水厂，收货人：黄礼文 13686099284"]
[1,{"$nulls":5},{"v":0,"d":"¥0.00"}]
[2,{"$nulls":5},{"v":0,"d":"¥0.00"}]
[3,{"$nulls":5},{"v":0,"d":"¥0.00"}]
[null,"小计",{"$nulls":4},{"v":0,"d":"¥0.00"}]
["设备管理五部（塘厦虾公岩水厂）",null,"收货地址：东莞市塘厦镇大坪社区四黎南路170-1塘厦虾公岩水厂，收货人：陈凤珍 15917721836，罗银妹 13392348369"]
[1,{"$nulls":5},{"v":0,"d":"¥0.00"}]
[2,{"$nulls":5},{"v":0,"d":"¥0.00"}]
[3,{"$nulls":5},{"v":0,"d":"¥0.00"}]
[null,"小计",{"$nulls":4},{"v":0,"d":"¥0.00"}]
["设备管理五部（凤岗第一水厂）",null,"收货地址：东莞市凤岗镇花果山二巷13号，收货人：张思雅 15322863540，张玉金 13798879957"]
[1,{"$nulls":5},{"v":0,"d":"¥0.00"}]
[2,{"$nulls":5},{"v":0,"d":"¥0.00"}]
[3,{"$nulls":5},{"v":0,"d":"¥0.00"}]
[null,"小计",{"$nulls":4},{"v":0,"d":"¥0.00"}]
["设备管理五部（凤岗第二水厂）",null,"收货地址：东莞市凤岗镇沙岭抽水站路8号，收货人：黄凯迪 13544779297，吕换清 13412350778"]
[1,{"$nulls":5},{"v":0,"d":"¥0.00"}]
[2,{"$nulls":5},{"v":0,"d":"¥0.00"}]
[3,{"$nulls":5},{"v":0,"d":"¥0.00"}]
[null,"小计",{"$nulls":4},{"v":0,"d":"¥0.00"}]
["设备管理六部（长湖水厂）",null,"收货地址：东莞市大岭山镇水朗村大岭山大道592号，收货人：汤青如 13728443754，黎锦辉 13652522995"]
[1,{"$nulls":5},{"v":0,"d":"¥0.00"}]
[2,{"$nulls":5},{"v":0,"d":"¥0.00"}]
[3,{"$nulls":5},{"v":0,"d":"¥0.00"}]
[null,"小计",{"$nulls":4},{"v":0,"d":"¥0.00"}]
["设备管理六部（松山湖水厂）",null,"收货地址：东莞市环湖路与南山路交叉口西北320米，收货人：陆嘉仪 13538640388，袁庆全 13922522636"]
[1,{"$nulls":5},{"v":0,"d":"¥0.00"}]
[2,{"$nulls":5},{"v":0,"d":"¥0.00"}]
[3,{"$nulls":5},{"v":0,"d":"¥0.00"}]
[null,"小计",{"$nulls":4},{"v":0,"d":"¥0.00"}]
["设备管理六部（芦花坑水厂）",null,"收货地址：东莞市虎门镇居岐路99号，收货人：周志恒 13728427322"]
[1,{"$nulls":5},{"v":0,"d":"¥0.00"}]
[2,{"$nulls":5},{"v":0,"d":"¥0.00"}]
[3,{"$nulls":5},{"v":0,"d":"¥0.00"}]
[null,"小计",{"$nulls":4},{"v":0,"d":"¥0.00"}]
[null,"合计",{"$nulls":4},{"v":0,"d":"¥0.00"}]

{"sheet":"低压电气设备类","index":7,"n_rows":46,"n_cols":9,"rows_kept":46,"merged":[[0,0,0,8]],"flags":["formulas_cached_only"]}
["东莞市水务环境投资控股集团供水有限公司制水分公司高、低压电气设备类、PLC系统类物资采购项目清单及预算表"]
["序号","物品名称","规格/型号","单位","数量","估算单价\n（元）","估算总金额（元）","备注","参考照片"]
[1,"CPU 315模块","CPU 315-2DP，256KB；订货号：6ES7315-2AH14-0AB0","块",2,{"v":18000,"d":"¥18,000.00"},{"v":36000,"d":"¥36,000.00"},"西门子PLC专属配件","/"]
[2,"CPU模块","订货号：6ES7 214-1BG40-0XB0；85至264VAC电源，14点数字量输入，10点数字量输出，2路模拟量输入。","个",2,{"v":2850,"d":"¥2,850.00"},{"v":5700,"d":"¥5,700.00"},"西门子PLC系统专属备件。","/"]
[3,"CPU模块","订货号：6ES7 215-1HG40-0XB0 ，14DI/10DO/2AI/2AO，带2个以太网口","个",2,{"v":4800,"d":"¥4,800.00"},{"v":9600,"d":"¥9,600.00"},"西门子品牌PLC系统专属配件，投矾新增数字泵改造控制用","/"]
[4,"变频电机","额定功率:280KW，额定电压:380AC，极数:6极，效率:≥\n95.8，工作制:S1，安装方式:IMB3，绝缘等级:F，IP55，冷却\n方式:强制风冷散热，变频器使用，接线盒位于电机上方。台","台",1,{"v":70000,"d":"¥70,000.00"},{"v":70000,"d":"¥70,000.00"},"刁朗泵房电机更换，配套980rpm水泵使用。电机参考品牌:长沙电机，上海电机，湘潭电机。电机轴承参考品牌:FAG/SEF/NSE","/"]
[5,"变频器","带可分离控制面板，风扇冷却，输入：交流3相380V50HZ,输出：交流3相0~380V.0~500HZ.输出功率：适用于IEC标准的1.1KW的电机，六个逻辑输入、三个模拟量输入、一个逻辑/模拟量输出和两个继电器输出。16个预置速度，PI调节器和给定值2线/3线控制，模拟控制及反馈信号4~20mA,器集成了Modbus 和 CANopen 通讯协议，符合UL 1类标准的成套组件、用于直接在 35 mm 导轨上安装的底板，外形尺寸：长≦180mm，宽≦180mm","个",1,{"v":5000,"d":"¥5,000.00"},{"v":5000,"d":"¥5,000.00"},"建议品牌：ABB、松下、施耐德","/"]
[6,"柴油发电机","低噪音双电压柴油发电机，额定功率：7.5KW，电压：双电压AC220V/380V，启动方式:手/电启动，油箱容量：大于20L，燃料：0#柴油","台",1,{"v":10000,"d":"¥10,000.00"},{"v":10000,"d":"¥10,000.00"},"/","/"]
[7,"存储卡","订货号：6ES7 954-8LC04-0AA0，容量：4M","个",1,{"v":500,"d":"¥500.00"},{"v":500,"d":"¥500.00"},"西门子品牌PLC系统专属配件，投矾新增数字泵改造控制用","/"]
[8,"电动车充电保护器插座","新国标，材质：耐高温材料，白色，工作参数：10A/250V,MAX2000W,带一键通电/断电，充满自动断电安全防护，明装，适合86式底盒","个",20,{"v":80,"d":"¥80.00"},{"v":1600,"d":"¥1,600.00"},"/","/"]
[9,"电压互感器","JDZ-10，额定电压比：10/0.1kV，准确等级：0.5,额定负荷：30VA，功率因素：0.8，50Hz","个",2,{"v":750,"d":"¥750.00"},{"v":1500,"d":"¥1,500.00"},"/","/"]
[10,"电压互感器","JDZX10-10型，额定电压比：10/✓3/0.1/✓3/0.1/3kV，50Hz，出线端子：a、n、da、dn，准确等级：0.2，6P级，额定负荷：30VA，极限输出：300VA，额定绝缘水平：12/42/75kV；","个",2,{"v":850,"d":"¥850.00"},{"v":1700,"d":"¥1,700.00"},"/","/"]
[11,"电源模块","输入220VAC,输出5VDC,3A；两路输出，接线方式：可插拔螺钉接线端子。塑料外壳封装，35mm导轨安装。","个",8,{"v":1360,"d":"¥1,360.00"},{"v":10880,"d":"¥10,880.00"},"参考品牌：菲尼克斯、施耐德、西门子。臭氧系统的PSU使用。","=DISPIMG(\"ID_6D5E8BC72B9A436EA82B26064838E81C\",1)"]
[12,"放电管","IGS，订货号：7113000012","条",20,{"v":2340,"d":"¥2,340.00"},{"v":46800,"d":"¥46,800.00"},"奥宗尼亚XF4199型号臭氧发生器的专属配件。","/"]
[13,"放电管","LG03，订货号：7101000080","条",15,{"v":2340,"d":"¥2,340.00"},{"v":35100,"d":"¥35,100.00"},"奥宗尼亚XF4199型号臭氧发生器的专属配件。","/"]
[14,"高分段能力高压熔断器","XRNP(1),额定电压：12kV，额定电流：0.5A，额定开断电流：50kA，尺寸：长约195mm，直径约25mm，50Hz","个",6,{"v":15,"d":"¥15.00"},{"v":90,"d":"¥90.00"},"/","/"]
[15,"滑触线","无接缝滑触线，材质：无氧铜，规格：4极6平方，130米，配安装吊架、两个拉紧器。","套",2,{"v":3500,"d":"¥3,500.00"},{"v":7000,"d":"¥7,000.00"},"/","/"]
[16,"汇流排","极数：3p，额定电流：63A,相间距：54mm，材质：T2紫铜，可接18个断路器，总长一米","条",3,{"v":100,"d":"¥100.00"},{"v":300,"d":"¥300.00"},"/","/"]
[17,"集电器","通用型号：DHG-1/2，四级，载流量60A；材质：ABS","个",4,{"v":200,"d":"¥200.00"},{"v":800,"d":"¥800.00"},"/","/"]
[18,"集电器","无接缝滑触线集电器，规格：4极60A双臂，加高碳刷，配套一个支架。","个",2,{"v":200,"d":"¥200.00"},{"v":400,"d":"¥400.00"},"/","/"]
[19,"交流接触器","CJ20型，额定电流：400A，线圈电压：AC380V，极数：3P。","个",1,{"v":2000,"d":"¥2,000.00"},{"v":2000,"d":"¥2,000.00"},"/","/"]
[20,"浪涌防雷保护器","一级浪涌保护器（T1），Uc：420V，Iimp：15kA（10/350μS），In：15kA，Up≤2.0kV","个",15,{"v":800,"d":"¥800.00"},{"v":12000,"d":"¥12,000.00"},"规格参数参考品牌：人民电器、施耐德、ABB。","/"]
[21,"模拟量输出模块","订货号：6ES7 232-4HD32-0XB0，4AO","个",2,{"v":3000,"d":"¥3,000.00"},{"v":6000,"d":"¥6,000.00"},"西门子品牌PLC系统专属配件，投矾新增数字泵改造控制用","/"]
[22,"模拟量输入模块","订货号：6ES7 231-4HF32-0XB0，8AI","个",2,{"v":2800,"d":"¥2,800.00"},{"v":5600,"d":"¥5,600.00"},"西门子品牌PLC系统专属配件，投矾新增数字泵改造控制用","/"]
[23,"潜水泵综合保护器","通用型号：QBP-1K1-1F。","个",1,{"v":450,"d":"¥450.00"},{"v":450,"d":"¥450.00"},"/","/"]
[24,"熔断器","电压：250V，电流：200mA，尺寸：6*30mm","个",10,{"v":5,"d":"¥5.00"},{"v":50,"d":"¥50.00"},"维修万用表用","/"]
[25,"三相多功能电力仪表","额定输入电压：3*220/380,额定输入电流：1A/5A，接线方式：三相四线制，通讯接口：RS484接口/MODBUS协议，准确度：电压、电流0.2级，有功功率0.5级，有功电能0.5s级，开孔尺寸约：67mm*67mm","个",6,{"v":800,"d":"¥800.00"},{"v":4800,"d":"¥4,800.00"},"参考品牌：中电、万力达、拓普、派诺","/"]
[26,"三相四线插座","380V，25A，安装尺寸：86mm*86mm，配相同规格插头1个。","套",5,{"v":150,"d":"¥150.00"},{"v":750,"d":"¥750.00"},"参考品牌：施耐德、ABB、西门子","/"]
[27,"剩余电流保护断路器","极数：1P+N，额定电流：10A，额定电压：AC230V，尺寸约：高88mm×宽36mm。","个",25,{"v":190,"d":"¥190.00"},{"v":4750,"d":"¥4,750.00"},"规格参数参考品牌：施耐德、ABB、西门子。","/"]
[28,"剩余电流保护断路器","极数：1P+N，额定电流：16A，额定电压：AC230V，尺寸约：高88mm×宽36mm。","个",25,{"v":190,"d":"¥190.00"},{"v":4750,"d":"¥4,750.00"},"规格参数参考品牌：施耐德、ABB、西门子。","/"]
[29,"剩余电流保护断路器","极数：1P+N，额定电流：20A，额定电压：AC230V，尺寸约：高88mm×宽36mm。","个",25,{"v":190,"d":"¥190.00"},{"v":4750,"d":"¥4,750.00"},"规格参数参考品牌：施耐德、ABB、西门子。","/"]
[30,"剩余电流保护断路器","极数：1P+N，额定电流：25A，额定电压：AC230V，尺寸约：高88mm×宽36mm。","个",25,{"v":220,"d":"¥220.00"},{"v":5500,"d":"¥5,500.00"},"规格参数参考品牌：施耐德、ABB、西门子。","/"]
[31,"剩余电流保护断路器","极数：1P+N，额定电流：32A，额定电压：AC230V，尺寸约：高88mm×宽36mm。","个",10,{"v":235,"d":"¥235.00"},{"v":2350,"d":"¥2,350.00"},"规格参数参考品牌：施耐德、ABB、西门子。","/"]
[32,"剩余电流保护断路器","极数：1P+N，额定电流：40A，额定电压：AC230V，尺寸约：高88mm×宽36mm。","个",10,{"v":255,"d":"¥255.00"},{"v":2550,"d":"¥2,550.00"},"规格参数参考品牌：施耐德、ABB、西门子。","/"]
[33,"剩余电流动作断路器","级数：3P，分断能力：6KA，额定电压：400V，额定电流40A，额定动作电流：30mA，导轨安装。","个",2,{"v":1000,"d":"¥1,000.00"},{"v":2000,"d":"¥2,000.00"},"参考品牌：施耐德、ABB、西门子","/"]
[34,"时控开关面板","86型，额定电压：250V，LCD显示，可控三路，每路最大功率：800W，定时组数：每路10组，停电记忆150天，循环定时，单双倒计时","个",10,{"v":100,"d":"¥100.00"},{"v":1000,"d":"¥1,000.00"},"/","/"]
[35,"数显表","显示数位：四位半，小数点位置可设置；工作电源：无源或AC220V；输入通道数：单通道；输入信号：4至20mA；安装方式：盘面横式安装；安装开孔尺寸：横72mm*竖40mm","块",2,{"v":100,"d":"¥100.00"},{"v":200,"d":"¥200.00"},"/","/"]
[36,"数字量输入输出模块","订货号：6ES7 223-1PL32-0XB0，16DI/16DO","个",3,{"v":2800,"d":"¥2,800.00"},{"v":8400,"d":"¥8,400.00"},"西门子品牌PLC系统专属配件，投矾新增数字泵改造控制用","/"]
[37,"双臂集电器","额定电压：380VAC，额定电流30A，四极，适用于无接缝滑触线槽","套",5,{"v":395,"d":"¥395.00"},{"v":1975,"d":"¥1,975.00"},"/","/"]
[38,"微电脑时控开关","额定电流：5A，额定电压：AC220V,最大支持6KW，停电记忆60天，设置组数：≤18开18关，时控范围：1分钟~168小时，液晶显示屏幕，防水防尘","个",3,{"v":200,"d":"¥200.00"},{"v":600,"d":"¥600.00"},"/","/"]
[39,"无线遥控开关","控制距离：1000米，控制4路继电输出通断，控制方式：点动控制，工作电压：DC12V，每套配有2个遥控器，接收器尺寸（mm）：80X62X28，遥控器尺寸（mm）：92X43X18","套",4,{"v":180,"d":"¥180.00"},{"v":720,"d":"¥720.00"},"/","/"]
[40,"无线遥控开关","控制距离：1000米，控制4路继电输出通断，控制方式：点动控制，工作电压：DC24V，每套配有2个遥控器，接收器尺寸（mm）：80X62X28，遥控器尺寸（mm）：92X43X18","套",4,{"v":180,"d":"¥180.00"},{"v":720,"d":"¥720.00"},"/","/"]
[41,"选择开关","三位，自复位，短柄，两常开，220V3A，安装孔径：22mm.","个",20,{"v":40,"d":"¥40.00"},{"v":800,"d":"¥800.00"},null,"/"]
[42,"智能操控装置","开关柜智能操控装置，通用型号：XTKB-800。","个",2,{"v":2500,"d":"¥2,500.00"},{"v":5000,"d":"¥5,000.00"},"/","/"]
[43,"中间继电器","14脚通用中间继电器，线圈电压：DC220V，接点规格：AC250V，3A，带指示灯。","个",50,{"v":50,"d":"¥50.00"},{"v":2500,"d":"¥2,500.00"},"参考品牌：欧姆龙、ABB、西门子","/"]
[null,"合计",{"$nulls":4},{"v":323185,"d":"¥323,185.00"}]

{"sheet":"高压电气设备类","index":8,"n_rows":10,"n_cols":9,"rows_kept":10,"hidden":true,"merged":[[0,0,0,8],[1,0,1,5],[1,6,1,8]],"flags":["formulas_cached_only"]}
["东莞市水务集团供水有限公司制水分公司2025年9月高压电气设备类非协议供货物资采购申请清单"]
["编号:设备管理二部呈批(2025)XXX号",{"$nulls":5},"申购日期：2025年8月X日"]
["序号","物品名称","规格/型号","单位","数量","估算单价（元）","估算总金额（元）","备注","联系人及联系方式"]
[]
[]
[]
[]
[]
[]
[null,"合计",{"$nulls":4},{"v":0,"d":"¥0.00"}]

{"sheet":"特种设备类","index":9,"n_rows":149,"n_cols":9,"rows_kept":149,"hidden":true,"merged":[[0,0,0,8],[1,0,1,5],[1,6,1,8],[3,0,3,1],[3,2,3,8],[8,0,8,1],[8,2,8,8],[13,0,13,1],[13,2,13,8],[18,0,18,1],[18,2,18,8],[23,0,23,1],[23,2,23,8],[28,0,28,1],[28,2,28,8],[33,0,33,1],[33,2,33,8],[38,0,38,1],[38,2,38,8],[43,0,43,1],[43,2,43,8],[48,0,48,1],[48,2,48,8],[53,0,53,1],[53,2,53,8],[58,0,58,1],[58,2,58,8],[63,0,63,1],[63,2,63,8],[68,0,68,1],[68,2,68,8],[73,0,73,1],[73,2,73,8],[78,0,78,1],[78,2,78,8],[83,0,83,1],[83,2,83,8],[88,0,88,1],[88,2,88,8],[93,0,93,1],[93,2,93,8],[98,0,98,1],[98,2,98,8],[103,0,103,1],[103,2,103,8],[108,0,108,1],[108,2,108,8],[113,0,113,1],[113,2,113,8],[118,0,118,1],[118,2,118,8],[123,0,123,1],[123,2,123,8],[128,0,128,1],[128,2,128,8],[133,0,133,1],[133,2,133,8],[138,0,138,1],[138,2,138,8],[143,0,143,1],[143,2,143,8]],"flags":["formulas_cached_only"]}
["东莞市水务集团供水有限公司制水分公司2025年8月特种设备类物资采购申请清单"]
["编号:设备管理二部呈批(2025)XXX号",{"$nulls":5},"申购日期：2025年7月X日"]
["序号","物品名称","规格/型号","单位","数量","估算单价（元）","估算总金额（元）","备注","联系人及联系方式"]
["设备管理一部（第四水厂）",null,"收货地址：东莞市石碣镇鹤田厦村富田路第四水厂，收货人：黎丽娟 13650105268，熊碧霞 13415856663"]
[1,{"$nulls":5},{"v":0,"d":"¥0.00"}]
[2,{"$nulls":5},{"v":0,"d":"¥0.00"}]
[3,{"$nulls":5},{"v":0,"d":"¥0.00"}]
[null,"小计",{"$nulls":4},{"v":0,"d":"¥0.00"}]
["设备管理一部（高埗水厂）",null,"收货地址：东莞市高埗镇沿江南路48号高埗水厂，收货人：廖树标 13712523481"]
[1,{"$nulls":5},{"v":0,"d":"¥0.00"}]
[2,{"$nulls":5},{"v":0,"d":"¥0.00"}]
[3,{"$nulls":5},{"v":0,"d":"¥0.00"}]
[null,"小计",{"$nulls":4},{"v":0,"d":"¥0.00"}]
["设备管理一部（万江水厂）",null,"收货地址：东莞市万江区万龙路191号万江水厂，收货人：杨伟强 15916738349，何汉能 13650220888"]
[1,{"$nulls":5},{"v":0,"d":"¥0.00"}]
[2,{"$nulls":5},{"v":0,"d":"¥0.00"}]
[3,{"$nulls":5},{"v":0,"d":"¥0.00"}]
[null,"小计",{"$nulls":4},{"v":0,"d":"¥0.00"}]
["设备管理一部（中堂水厂）",null,"收货地址：东莞市中堂镇滨江大道3号中堂水厂，收货人：赖远鑫 13713383382，李继成 13556793939"]
[1,{"$nulls":5},{"v":0,"d":"¥0.00"}]
[2,{"$nulls":5},{"v":0,"d":"¥0.00"}]
[3,{"$nulls":5},{"v":0,"d":"¥0.00"}]
[null,"小计",{"$nulls":4},{"v":0,"d":"¥0.00"}]
["设备管理一部（石碣水厂）",null,"收货地址：东莞市石碣镇同德路石碣水厂，收货人：何国栋 13377788395，袁惠成 13423235223"]
[1,{"$nulls":5},{"v":0,"d":"¥0.00"}]
[2,{"$nulls":5},{"v":0,"d":"¥0.00"}]
[3,{"$nulls":5},{"v":0,"d":"¥0.00"}]
[null,"小计",{"$nulls":4},{"v":0,"d":"¥0.00"}]
["设备管理二部（第三水厂）",null,"收货地址：东莞市东城樟村桂塘路12号，收货人：欧阳丹 13713099246"]
[1,{"$nulls":5},{"v":0,"d":"¥0.00"}]
[2,{"$nulls":5},{"v":0,"d":"¥0.00"}]
[3,{"$nulls":5},{"v":0,"d":"¥0.00"}]
[null,"小计",{"$nulls":4},{"v":0,"d":"¥0.00"}]
["设备管理二部（第六水厂）",null,"收货地址：东莞市东城街道莞龙路东城段21号，收货人：钟巧欢 13790666516，徐立安  13556769268"]
[1,{"$nulls":5},{"v":0,"d":"¥0.00"}]
[2,{"$nulls":5},{"v":0,"d":"¥0.00"}]
[3,{"$nulls":5},{"v":0,"d":"¥0.00"}]
[null,"小计",{"$nulls":4},{"v":0,"d":"¥0.00"}]
["设备管理二部（东城水厂）",null,"收货地址：东莞市东城下桥银岭街9号东城水厂，收货人：谢桂玲  13652639443，祁灼均 13546995678"]
[1,{"$nulls":5},{"v":0,"d":"¥0.00"}]
[2,{"$nulls":5},{"v":0,"d":"¥0.00"}]
[3,{"$nulls":5},{"v":0,"d":"¥0.00"}]
[null,"小计",{"$nulls":4},{"v":0,"d":"¥0.00"}]
["设备管理二部（石龙黄洲水厂）",null,"收货地址：东莞市石龙镇黄洲水源路6号黄洲水厂，收货人：刘月儒 15916936669，叶润珍 13326895152"]
[1,{"$nulls":5},{"v":0,"d":"¥0.00"}]
[2,{"$nulls":5},{"v":0,"d":"¥0.00"}]
[3,{"$nulls":5},{"v":0,"d":"¥0.00"}]
[null,"小计",{"$nulls":4},{"v":0,"d":"¥0.00"}]
["设备管理二部（石龙西湖水厂）",null,"收货地址：东莞市石龙镇西湖东路111号石龙西湖水厂，收货人：杨佩雯 13480449430，吴文烽 13825757818"]
[1,{"$nulls":5},{"v":0,"d":"¥0.00"}]
[2,{"$nulls":5},{"v":0,"d":"¥0.00"}]
[3,{"$nulls":5},{"v":0,"d":"¥0.00"}]
[null,"小计",{"$nulls":4},{"v":0,"d":"¥0.00"}]
["设备管理三部（第五水厂）",null,"收货地址：东莞市企石镇杨屋村新兴路33号第五水厂，收货人：林清文 13532690033，缪小英 13622678068"]
[1,{"$nulls":5},{"v":0,"d":"¥0.00"}]
[2,{"$nulls":5},{"v":0,"d":"¥0.00"}]
[3,{"$nulls":5},{"v":0,"d":"¥0.00"}]
[null,"小计",{"$nulls":4},{"v":0,"d":"¥0.00"}]
["设备管理三部（石排水厂）",null,"收货地址：东莞市石排镇东江大道石排段52号石排水厂，收货人：赖微珊 19928155511，邓闰傍 13532976833"]
[1,{"$nulls":5},{"v":0,"d":"¥0.00"}]
[2,{"$nulls":5},{"v":0,"d":"¥0.00"}]
[3,{"$nulls":5},{"v":0,"d":"¥0.00"}]
[null,"小计",{"$nulls":4},{"v":0,"d":"¥0.00"}]
["设备管理三部（企石水厂）",null,"收货地址：东莞市企石镇黄大仙路56号企石水厂，收货人：朱锐文 15989675266，刘锐谦 15816842146"]
[1,{"$nulls":5},{"v":0,"d":"¥0.00"}]
[2,{"$nulls":5},{"v":0,"d":"¥0.00"}]
[3,{"$nulls":5},{"v":0,"d":"¥0.00"}]
[null,"小计",{"$nulls":4},{"v":0,"d":"¥0.00"}]
["设备管理三部（桥头第二水厂）",null,"收货地址：东莞市桥头镇中兴路403号桥头第二水厂，收货人：莫仲琪 13902698481，钟汉强 13509849329"]
[1,{"$nulls":5},{"v":0,"d":"¥0.00"}]
[2,{"$nulls":5},{"v":0,"d":"¥0.00"}]
[3,{"$nulls":5},{"v":0,"d":"¥0.00"}]
[null,"小计",{"$nulls":4},{"v":0,"d":"¥0.00"}]
["设备管理三部（桥头第三水厂）",null,"收货地址：东莞市桥头镇东江村木棉路桥头第三水厂，收货人：莫浩祥 13532516168，罗国林 18922994622"]
[1,{"$nulls":5},{"v":0,"d":"¥0.00"}]
[2,{"$nulls":5},{"v":0,"d":"¥0.00"}]
[3,{"$nulls":5},{"v":0,"d":"¥0.00"}]
[null,"小计",{"$nulls":4},{"v":0,"d":"¥0.00"}]
["设备管理三部（横沥水厂）",null,"收货地址：东莞市横沥镇横沥东环路260号横沥水厂，收货人：黄汉桃 13711832138"]
[1,{"$nulls":5},{"v":0,"d":"¥0.00"}]
[2,{"$nulls":5},{"v":0,"d":"¥0.00"}]
[3,{"$nulls":5},{"v":0,"d":"¥0.00"}]
[null,"小计",{"$nulls":4},{"v":0,"d":"¥0.00"}]
["设备管理四部（黄江水厂）",null,"收货地址：东莞市黄江镇黄牛埔村强健街2号黄江水厂，收货人：黄健维 13129425636，王建华 13580904047"]
[1,{"$nulls":5},{"v":0,"d":"¥0.00"}]
[2,{"$nulls":5},{"v":0,"d":"¥0.00"}]
[3,{"$nulls":5},{"v":0,"d":"¥0.00"}]
[null,"小计",{"$nulls":4},{"v":0,"d":"¥0.00"}]
["设备管理四部（樟木头簕竹排水厂）",null,"收货地址：东莞市樟木头镇滨河路45号簕竹排水厂，收货人：刘子军 13790218277，黄汉明 18825897855"]
[1,{"$nulls":5},{"v":0,"d":"¥0.00"}]
[2,{"$nulls":5},{"v":0,"d":"¥0.00"}]
[3,{"$nulls":5},{"v":0,"d":"¥0.00"}]
[null,"小计",{"$nulls":4},{"v":0,"d":"¥0.00"}]
["设备管理四部（谢岗第二水厂）",null,"收货地址：东莞市谢岗镇南面石鼓水库路22号谢岗第二水厂，收货人：林嘉兴 13268555430，张李红 13128071061"]
[1,{"$nulls":5},{"v":0,"d":"¥0.00"}]
[2,{"$nulls":5},{"v":0,"d":"¥0.00"}]
[3,{"$nulls":5},{"v":0,"d":"¥0.00"}]
[null,"小计",{"$nulls":4},{"v":0,"d":"¥0.00"}]
["设备管理四部（谢岗第三水厂）",null,"收货地址：东莞市谢岗镇曹乐工业一路15号101室供水公司，收货人：朱树明 13713366089，刘晓彬 13926867866"]
[1,{"$nulls":5},{"v":0,"d":"¥0.00"}]
[2,{"$nulls":5},{"v":0,"d":"¥0.00"}]
[3,{"$nulls":5},{"v":0,"d":"¥0.00"}]
[null,"小计",{"$nulls":4},{"v":0,"d":"¥0.00"}]
["设备管理四部（塘厦牛眠埔水厂）",null,"收货地址：东莞市塘厦镇牛眠埔新围路牛眠埔水厂，收货人：黄颖璋 13713362502，罗亮开 13729993310"]
[1,{"$nulls":5},{"v":0,"d":"¥0.00"}]
[2,{"$nulls":5},{"v":0,"d":"¥0.00"}]
[3,{"$nulls":5},{"v":0,"d":"¥0.00"}]
[null,"小计",{"$nulls":4},{"v":0,"d":"¥0.00"}]
["设备管理五部（塘厦中心水厂）",null,"收货地址：东莞市塘厦镇东深一路8号塘厦中心水厂，收货人：赵凤兰 15817660678，赵美玲 136252547593"]
[1,{"$nulls":5},{"v":0,"d":"¥0.00"}]
[2,{"$nulls":5},{"v":0,"d":"¥0.00"}]
[3,{"$nulls":5},{"v":0,"d":"¥0.00"}]
[null,"小计",{"$nulls":4},{"v":0,"d":"¥0.00"}]
["设备管理五部（塘厦凤凰水厂）",null,"收货地址：东莞市塘厦镇凤凰社区凤清路65号塘厦凤凰水厂，收货人：黄礼文 13686099284"]
[1,{"$nulls":5},{"v":0,"d":"¥0.00"}]
[2,{"$nulls":5},{"v":0,"d":"¥0.00"}]
[3,{"$nulls":5},{"v":0,"d":"¥0.00"}]
[null,"小计",{"$nulls":4},{"v":0,"d":"¥0.00"}]
["设备管理五部（塘厦虾公岩水厂）",null,"收货地址：东莞市塘厦镇大坪社区四黎南路170-1塘厦虾公岩水厂，收货人：陈凤珍 15917721836，罗银妹 13392348369"]
[1,{"$nulls":5},{"v":0,"d":"¥0.00"}]
[2,{"$nulls":5},{"v":0,"d":"¥0.00"}]
[3,{"$nulls":5},{"v":0,"d":"¥0.00"}]
[null,"小计",{"$nulls":4},{"v":0,"d":"¥0.00"}]
["设备管理五部（凤岗第一水厂）",null,"收货地址：东莞市凤岗镇花果山二巷13号，收货人：张思雅 15322863540，张玉金 13798879957"]
[1,{"$nulls":5},{"v":0,"d":"¥0.00"}]
[2,{"$nulls":5},{"v":0,"d":"¥0.00"}]
[3,{"$nulls":5},{"v":0,"d":"¥0.00"}]
[null,"小计",{"$nulls":4},{"v":0,"d":"¥0.00"}]
["设备管理五部（凤岗第二水厂）",null,"收货地址：东莞市凤岗镇沙岭抽水站路8号，收货人：黄凯迪 13544779297，吕换清 13412350778"]
[1,{"$nulls":5},{"v":0,"d":"¥0.00"}]
[2,{"$nulls":5},{"v":0,"d":"¥0.00"}]
[3,{"$nulls":5},{"v":0,"d":"¥0.00"}]
[null,"小计",{"$nulls":4},{"v":0,"d":"¥0.00"}]
["设备管理六部（长湖水厂）",null,"收货地址：东莞市大岭山镇水朗村大岭山大道592号，收货人：汤青如 13728443754，黎锦辉 13652522995"]
[1,{"$nulls":5},{"v":0,"d":"¥0.00"}]
[2,{"$nulls":5},{"v":0,"d":"¥0.00"}]
[3,{"$nulls":5},{"v":0,"d":"¥0.00"}]
[null,"小计",{"$nulls":4},{"v":0,"d":"¥0.00"}]
["设备管理六部（松山湖水厂）",null,"收货地址：东莞市环湖路与南山路交叉口西北320米，收货人：陆嘉仪 13538640388，袁庆全 13922522636"]
[1,{"$nulls":5},{"v":0,"d":"¥0.00"}]
[2,{"$nulls":5},{"v":0,"d":"¥0.00"}]
[3,{"$nulls":5},{"v":0,"d":"¥0.00"}]
[null,"小计",{"$nulls":4},{"v":0,"d":"¥0.00"}]
["设备管理六部（芦花坑水厂）",null,"收货地址：东莞市虎门镇居岐路99号，收货人：周志恒 13728427322"]
[1,{"$nulls":5},{"v":0,"d":"¥0.00"}]
[2,{"$nulls":5},{"v":0,"d":"¥0.00"}]
[3,{"$nulls":5},{"v":0,"d":"¥0.00"}]
[null,"小计",{"$nulls":4},{"v":0,"d":"¥0.00"}]
[null,"合计",{"$nulls":4},{"v":0,"d":"¥0.00"}]

{"sheet":"油脂类","index":10,"n_rows":149,"n_cols":9,"rows_kept":149,"hidden":true,"merged":[[0,0,0,8],[1,0,1,5],[1,6,1,8],[3,0,3,1],[3,2,3,8],[8,0,8,1],[8,2,8,8],[13,0,13,1],[13,2,13,8],[18,0,18,1],[18,2,18,8],[23,0,23,1],[23,2,23,8],[28,0,28,1],[28,2,28,8],[33,0,33,1],[33,2,33,8],[38,0,38,1],[38,2,38,8],[43,0,43,1],[43,2,43,8],[48,0,48,1],[48,2,48,8],[53,0,53,1],[53,2,53,8],[58,0,58,1],[58,2,58,8],[63,0,63,1],[63,2,63,8],[68,0,68,1],[68,2,68,8],[73,0,73,1],[73,2,73,8],[78,0,78,1],[78,2,78,8],[83,0,83,1],[83,2,83,8],[88,0,88,1],[88,2,88,8],[93,0,93,1],[93,2,93,8],[98,0,98,1],[98,2,98,8],[103,0,103,1],[103,2,103,8],[108,0,108,1],[108,2,108,8],[113,0,113,1],[113,2,113,8],[118,0,118,1],[118,2,118,8],[123,0,123,1],[123,2,123,8],[128,0,128,1],[128,2,128,8],[133,0,133,1],[133,2,133,8],[138,0,138,1],[138,2,138,8],[143,0,143,1],[143,2,143,8]],"flags":["formulas_cached_only"]}
["东莞市水务集团供水有限公司制水分公司2025年8月油脂类非协议供货物资采购申请清单"]
["编号:设备管理二部呈批(2025)XXX号",{"$nulls":5},"申购日期：2025年7月X日"]
["序号","物品名称","规格/型号","单位","数量","估算单价（元）","估算总金额（元）","备注","联系人及联系方式"]
["设备管理一部（第四水厂）",null,"收货地址：东莞市石碣镇鹤田厦村富田路第四水厂，收货人：黎丽娟 13650105268，熊碧霞 13415856663"]
[1,{"$nulls":5},{"v":0,"d":"¥0.00"}]
[2,{"$nulls":5},{"v":0,"d":"¥0.00"}]
[3,{"$nulls":5},{"v":0,"d":"¥0.00"}]
[null,"小计",{"$nulls":4},{"v":0,"d":"¥0.00"}]
["设备管理一部（高埗水厂）",null,"收货地址：东莞市高埗镇沿江南路48号高埗水厂，收货人：廖树标 13712523481"]
[1,{"$nulls":5},{"v":0,"d":"¥0.00"}]
[2,{"$nulls":5},{"v":0,"d":"¥0.00"}]
[3,{"$nulls":5},{"v":0,"d":"¥0.00"}]
[null,"小计",{"$nulls":4},{"v":0,"d":"¥0.00"}]
["设备管理一部（万江水厂）",null,"收货地址：东莞市万江区万龙路191号万江水厂，收货人：杨伟强 15916738349，何汉能 13650220888"]
[1,{"$nulls":5},{"v":0,"d":"¥0.00"}]
[2,{"$nulls":5},{"v":0,"d":"¥0.00"}]
[3,{"$nulls":5},{"v":0,"d":"¥0.00"}]
[null,"小计",{"$nulls":4},{"v":0,"d":"¥0.00"}]
["设备管理一部（中堂水厂）",null,"收货地址：东莞市中堂镇滨江大道3号中堂水厂，收货人：赖远鑫 13713383382，李继成 13556793939"]
[1,{"$nulls":5},{"v":0,"d":"¥0.00"}]
[2,{"$nulls":5},{"v":0,"d":"¥0.00"}]
[3,{"$nulls":5},{"v":0,"d":"¥0.00"}]
[null,"小计",{"$nulls":4},{"v":0,"d":"¥0.00"}]
["设备管理一部（石碣水厂）",null,"收货地址：东莞市石碣镇同德路石碣水厂，收货人：何国栋 13377788395，袁惠成 13423235223"]
[1,{"$nulls":5},{"v":0,"d":"¥0.00"}]
[2,{"$nulls":5},{"v":0,"d":"¥0.00"}]
[3,{"$nulls":5},{"v":0,"d":"¥0.00"}]
[null,"小计",{"$nulls":4},{"v":0,"d":"¥0.00"}]
["设备管理二部（第三水厂）",null,"收货地址：东莞市东城樟村桂塘路12号，收货人：欧阳丹 13713099246"]
[1,{"$nulls":5},{"v":0,"d":"¥0.00"}]
[2,{"$nulls":5},{"v":0,"d":"¥0.00"}]
[3,{"$nulls":5},{"v":0,"d":"¥0.00"}]
[null,"小计",{"$nulls":4},{"v":0,"d":"¥0.00"}]
["设备管理二部（第六水厂）",null,"收货地址：东莞市东城街道莞龙路东城段21号，收货人：钟巧欢 13790666516，徐立安  13556769268"]
[1,{"$nulls":5},{"v":0,"d":"¥0.00"}]
[2,{"$nulls":5},{"v":0,"d":"¥0.00"}]
[3,{"$nulls":5},{"v":0,"d":"¥0.00"}]
[null,"小计",{"$nulls":4},{"v":0,"d":"¥0.00"}]
["设备管理二部（东城水厂）",null,"收货地址：东莞市东城下桥银岭街9号东城水厂，收货人：谢桂玲  13652639443，祁灼均 13546995678"]
[1,{"$nulls":5},{"v":0,"d":"¥0.00"}]
[2,{"$nulls":5},{"v":0,"d":"¥0.00"}]
[3,{"$nulls":5},{"v":0,"d":"¥0.00"}]
[null,"小计",{"$nulls":4},{"v":0,"d":"¥0.00"}]
["设备管理二部（石龙黄洲水厂）",null,"收货地址：东莞市石龙镇黄洲水源路6号黄洲水厂，收货人：刘月儒 15916936669，叶润珍 13326895152"]
[1,{"$nulls":5},{"v":0,"d":"¥0.00"}]
[2,{"$nulls":5},{"v":0,"d":"¥0.00"}]
[3,{"$nulls":5},{"v":0,"d":"¥0.00"}]
[null,"小计",{"$nulls":4},{"v":0,"d":"¥0.00"}]
["设备管理二部（石龙西湖水厂）",null,"收货地址：东莞市石龙镇西湖东路111号石龙西湖水厂，收货人：杨佩雯 13480449430，吴文烽 13825757818"]
[1,{"$nulls":5},{"v":0,"d":"¥0.00"}]
[2,{"$nulls":5},{"v":0,"d":"¥0.00"}]
[3,{"$nulls":5},{"v":0,"d":"¥0.00"}]
[null,"小计",{"$nulls":4},{"v":0,"d":"¥0.00"}]
["设备管理三部（第五水厂）",null,"收货地址：东莞市企石镇杨屋村新兴路33号第五水厂，收货人：林清文 13532690033，缪小英 13622678068"]
[1,{"$nulls":5},{"v":0,"d":"¥0.00"}]
[2,{"$nulls":5},{"v":0,"d":"¥0.00"}]
[3,{"$nulls":5},{"v":0,"d":"¥0.00"}]
[null,"小计",{"$nulls":4},{"v":0,"d":"¥0.00"}]
["设备管理三部（石排水厂）",null,"收货地址：东莞市石排镇东江大道石排段52号石排水厂，收货人：赖微珊 19928155511，邓闰傍 13532976833"]
[1,{"$nulls":5},{"v":0,"d":"¥0.00"}]
[2,{"$nulls":5},{"v":0,"d":"¥0.00"}]
[3,{"$nulls":5},{"v":0,"d":"¥0.00"}]
[null,"小计",{"$nulls":4},{"v":0,"d":"¥0.00"}]
["设备管理三部（企石水厂）",null,"收货地址：东莞市企石镇黄大仙路56号企石水厂，收货人：朱锐文 15989675266，刘锐谦 15816842146"]
[1,{"$nulls":5},{"v":0,"d":"¥0.00"}]
[2,{"$nulls":5},{"v":0,"d":"¥0.00"}]
[3,{"$nulls":5},{"v":0,"d":"¥0.00"}]
[null,"小计",{"$nulls":4},{"v":0,"d":"¥0.00"}]
["设备管理三部（桥头第二水厂）",null,"收货地址：东莞市桥头镇中兴路403号桥头第二水厂，收货人：莫仲琪 13902698481，钟汉强 13509849329"]
[1,{"$nulls":5},{"v":0,"d":"¥0.00"}]
[2,{"$nulls":5},{"v":0,"d":"¥0.00"}]
[3,{"$nulls":5},{"v":0,"d":"¥0.00"}]
[null,"小计",{"$nulls":4},{"v":0,"d":"¥0.00"}]
["设备管理三部（桥头第三水厂）",null,"收货地址：东莞市桥头镇东江村木棉路桥头第三水厂，收货人：莫浩祥 13532516168，罗国林 18922994622"]
[1,{"$nulls":5},{"v":0,"d":"¥0.00"}]
[2,{"$nulls":5},{"v":0,"d":"¥0.00"}]
[3,{"$nulls":5},{"v":0,"d":"¥0.00"}]
[null,"小计",{"$nulls":4},{"v":0,"d":"¥0.00"}]
["设备管理三部（横沥水厂）",null,"收货地址：东莞市横沥镇横沥东环路260号横沥水厂，收货人：黄汉桃 13711832138"]
[]
[2,{"$nulls":5},{"v":0,"d":"¥0.00"}]
[3,{"$nulls":5},{"v":0,"d":"¥0.00"}]
[null,"小计",{"$nulls":4},{"v":0,"d":"¥0.00"}]
["设备管理四部（黄江水厂）",null,"收货地址：东莞市黄江镇黄牛埔村强健街2号黄江水厂，收货人：黄健维 13129425636，王建华 13580904047"]
[1,{"$nulls":5},{"v":0,"d":"¥0.00"}]
[2,{"$nulls":5},{"v":0,"d":"¥0.00"}]
[3,{"$nulls":5},{"v":0,"d":"¥0.00"}]
[null,"小计",{"$nulls":4},{"v":0,"d":"¥0.00"}]
["设备管理四部（樟木头簕竹排水厂）",null,"收货地址：东莞市樟木头镇滨河路45号簕竹排水厂，收货人：刘子军 13790218277，黄汉明 18825897855"]
[1,{"$nulls":5},{"v":0,"d":"¥0.00"}]
[2,{"$nulls":5},{"v":0,"d":"¥0.00"}]
[3,{"$nulls":5},{"v":0,"d":"¥0.00"}]
[null,"小计",{"$nulls":4},{"v":0,"d":"¥0.00"}]
["设备管理四部（谢岗第二水厂）",null,"收货地址：东莞市谢岗镇南面石鼓水库路22号谢岗第二水厂，收货人：林嘉兴 13268555430，张李红 13128071061"]
[1,{"$nulls":5},{"v":0,"d":"¥0.00"}]
[2,{"$nulls":5},{"v":0,"d":"¥0.00"}]
[3,{"$nulls":5},{"v":0,"d":"¥0.00"}]
[null,"小计",{"$nulls":4},{"v":0,"d":"¥0.00"}]
["设备管理四部（谢岗第三水厂）",null,"收货地址：东莞市谢岗镇曹乐工业一路15号101室供水公司，收货人：朱树明 13713366089，刘晓彬 13926867866"]
[1,{"$nulls":5},{"v":0,"d":"¥0.00"}]
[2,{"$nulls":5},{"v":0,"d":"¥0.00"}]
[3,{"$nulls":5},{"v":0,"d":"¥0.00"}]
[null,"小计",{"$nulls":4},{"v":0,"d":"¥0.00"}]
["设备管理四部（塘厦牛眠埔水厂）",null,"收货地址：东莞市塘厦镇牛眠埔新围路牛眠埔水厂，收货人：黄颖璋 13713362502，罗亮开 13729993310"]
[1,{"$nulls":5},{"v":0,"d":"¥0.00"}]
[2,{"$nulls":5},{"v":0,"d":"¥0.00"}]
[3,{"$nulls":5},{"v":0,"d":"¥0.00"}]
[null,"小计",{"$nulls":4},{"v":0,"d":"¥0.00"}]
["设备管理五部（塘厦中心水厂）",null,"收货地址：东莞市塘厦镇东深一路8号塘厦中心水厂，收货人：赵凤兰 15817660678，赵美玲 136252547593"]
[1,{"$nulls":5},{"v":0,"d":"¥0.00"}]
[2,{"$nulls":5},{"v":0,"d":"¥0.00"}]
[3,{"$nulls":5},{"v":0,"d":"¥0.00"}]
[null,"小计",{"$nulls":4},{"v":0,"d":"¥0.00"}]
["设备管理五部（塘厦凤凰水厂）",null,"收货地址：东莞市塘厦镇凤凰社区凤清路65号塘厦凤凰水厂，收货人：黄礼文 13686099284"]
[1,{"$nulls":5},{"v":0,"d":"¥0.00"}]
[2,{"$nulls":5},{"v":0,"d":"¥0.00"}]
[3,{"$nulls":5},{"v":0,"d":"¥0.00"}]
[null,"小计",{"$nulls":4},{"v":0,"d":"¥0.00"}]
["设备管理五部（塘厦虾公岩水厂）",null,"收货地址：东莞市塘厦镇大坪社区四黎南路170-1塘厦虾公岩水厂，收货人：陈凤珍 15917721836，罗银妹 13392348369"]
[1,{"$nulls":5},{"v":0,"d":"¥0.00"}]
[2,{"$nulls":5},{"v":0,"d":"¥0.00"}]
[3,{"$nulls":5},{"v":0,"d":"¥0.00"}]
[null,"小计",{"$nulls":4},{"v":0,"d":"¥0.00"}]
["设备管理五部（凤岗第一水厂）",null,"收货地址：东莞市凤岗镇花果山二巷13号，收货人：张思雅 15322863540，张玉金 13798879957"]
[1,{"$nulls":5},{"v":0,"d":"¥0.00"}]
[2,{"$nulls":5},{"v":0,"d":"¥0.00"}]
[3,{"$nulls":5},{"v":0,"d":"¥0.00"}]
[null,"小计",{"$nulls":4},{"v":0,"d":"¥0.00"}]
["设备管理五部（凤岗第二水厂）",null,"收货地址：东莞市凤岗镇沙岭抽水站路8号，收货人：黄凯迪 13544779297，吕换清 13412350778"]
[1,{"$nulls":5},{"v":0,"d":"¥0.00"}]
[2,{"$nulls":5},{"v":0,"d":"¥0.00"}]
[3,{"$nulls":5},{"v":0,"d":"¥0.00"}]
[null,"小计",{"$nulls":4},{"v":0,"d":"¥0.00"}]
["设备管理六部（长湖水厂）",null,"收货地址：东莞市大岭山镇水朗村大岭山大道592号，收货人：汤青如 13728443754，黎锦辉 13652522995"]
[1,{"$nulls":5},{"v":0,"d":"¥0.00"}]
[2,{"$nulls":5},{"v":0,"d":"¥0.00"}]
[3,{"$nulls":5},{"v":0,"d":"¥0.00"}]
[null,"小计",{"$nulls":4},{"v":0,"d":"¥0.00"}]
["设备管理六部（松山湖水厂）",null,"收货地址：东莞市环湖路与南山路交叉口西北320米，收货人：陆嘉仪 13538640388，袁庆全 13922522636"]
[1,{"$nulls":5},{"v":0,"d":"¥0.00"}]
[2,{"$nulls":5},{"v":0,"d":"¥0.00"}]
[3,{"$nulls":5},{"v":0,"d":"¥0.00"}]
[null,"小计",{"$nulls":4},{"v":0,"d":"¥0.00"}]
["设备管理六部（芦花坑水厂）",null,"收货地址：东莞市虎门镇居岐路99号，收货人：周志恒 13728427322"]
[1,{"$nulls":5},{"v":0,"d":"¥0.00"}]
[2,{"$nulls":5},{"v":0,"d":"¥0.00"}]
[3,{"$nulls":5},{"v":0,"d":"¥0.00"}]
[null,"小计",{"$nulls":4},{"v":0,"d":"¥0.00"}]
[null,"合计",{"$nulls":4},{"v":0,"d":"¥0.00"}]

{"sheet":"WpsReserved_CellImgList","index":11,"n_rows":0,"n_cols":0,"rows_kept":0,"hidden":true,"flags":["formulas_cached_only"]}